<?xml version="1.0" encoding="UTF-8"?>
<record
    xmlns:xsi="http://www.w3.org/2001/XMLSchema-instance"
    xsi:schemaLocation="http://www.loc.gov/MARC21/slim http://www.loc.gov/standards/marcxml/schema/MARC21slim.xsd"
    xmlns="http://www.loc.gov/MARC21/slim">

  <leader>00556nam a22001937a 4500</leader>
  <controlfield tag="008">150511b        xxu||||| |||| 00| 0 eng d</controlfield>
  <datafield tag="020" ind1=" " ind2=" ">
    <subfield code="a">9780073406176 (hard copy : alk. paper)</subfield>
  </datafield>
  <datafield tag="020" ind1=" " ind2=" ">
    <subfield code="a">0073406171 (hard copy : alk. paper)</subfield>
  </datafield>
  <datafield tag="041" ind1="0" ind2=" ">
    <subfield code="a">eng</subfield>
  </datafield>
  <datafield tag="080" ind1=" " ind2=" ">
    <subfield code="a">512.7</subfield>
  </datafield>
  <datafield tag="100" ind1="1" ind2=" ">
    <subfield code="a">Messersmith, Sherri.</subfield>
  </datafield>
  <datafield tag="245" ind1="1" ind2="0">
    <subfield code="a">Intermediate algebra /</subfield>
    <subfield code="c">Sherri Messersmith.</subfield>
  </datafield>
  <datafield tag="250" ind1=" " ind2=" ">
    <subfield code="a">Botimi par&#xEB;</subfield>
  </datafield>
  <datafield tag="260" ind1=" " ind2=" ">
    <subfield code="a">New York :</subfield>
    <subfield code="b">McGraw-Hill,</subfield>
    <subfield code="c">c2012.</subfield>
  </datafield>
  <datafield tag="300" ind1=" " ind2=" ">
    <subfield code="a">Faqe t&#xEB; ndryshme</subfield>
    <subfield code="b">me il</subfield>
    <subfield code="c">29 cm.</subfield>
  </datafield>
  <datafield tag="505" ind1=" " ind2=" ">
    <subfield code="a">Index: f.I-I8</subfield>
  </datafield>
  <datafield tag="650" ind1=" " ind2="0">
    <subfield code="a">Algjebra</subfield>
  </datafield>
  <datafield tag="942" ind1=" " ind2=" ">
    <subfield code="2">udc</subfield>
    <subfield code="c">BK</subfield>
  </datafield>
  <datafield tag="999" ind1=" " ind2=" ">
    <subfield code="c">722</subfield>
    <subfield code="d">722</subfield>
  </datafield>
  <datafield tag="952" ind1=" " ind2=" ">
    <subfield code="0">0</subfield>
    <subfield code="1">0</subfield>
    <subfield code="2">udc</subfield>
    <subfield code="4">0</subfield>
    <subfield code="7">0</subfield>
    <subfield code="8">P&#xCB;KG</subfield>
    <subfield code="a">002</subfield>
    <subfield code="b">002</subfield>
    <subfield code="c">P&#xCB;KG</subfield>
    <subfield code="d">2015-05-11</subfield>
    <subfield code="l">0</subfield>
    <subfield code="o">512.7 MES</subfield>
    <subfield code="p">002-011678</subfield>
    <subfield code="r">2015-05-11</subfield>
    <subfield code="y">BK</subfield>
  </datafield>
  <datafield tag="952" ind1=" " ind2=" ">
    <subfield code="0">0</subfield>
    <subfield code="1">0</subfield>
    <subfield code="2">udc</subfield>
    <subfield code="4">0</subfield>
    <subfield code="7">0</subfield>
    <subfield code="8">P&#xCB;KG</subfield>
    <subfield code="a">002</subfield>
    <subfield code="b">002</subfield>
    <subfield code="c">P&#xCB;KG</subfield>
    <subfield code="d">2015-12-23</subfield>
    <subfield code="l">0</subfield>
    <subfield code="o">512.7 MES</subfield>
    <subfield code="p">002-011675</subfield>
    <subfield code="r">2015-12-23</subfield>
    <subfield code="w">2015-12-23</subfield>
    <subfield code="y">BK</subfield>
  </datafield>
  <datafield tag="952" ind1=" " ind2=" ">
    <subfield code="0">0</subfield>
    <subfield code="1">0</subfield>
    <subfield code="2">udc</subfield>
    <subfield code="4">0</subfield>
    <subfield code="7">0</subfield>
    <subfield code="8">P&#xCB;KG</subfield>
    <subfield code="a">002</subfield>
    <subfield code="b">002</subfield>
    <subfield code="c">P&#xCB;KG</subfield>
    <subfield code="d">2015-12-23</subfield>
    <subfield code="l">0</subfield>
    <subfield code="o">512.7 MES</subfield>
    <subfield code="p">002-011676</subfield>
    <subfield code="r">2015-12-23</subfield>
    <subfield code="w">2015-12-23</subfield>
    <subfield code="y">BK</subfield>
  </datafield>
  <datafield tag="952" ind1=" " ind2=" ">
    <subfield code="0">0</subfield>
    <subfield code="1">0</subfield>
    <subfield code="2">udc</subfield>
    <subfield code="4">0</subfield>
    <subfield code="7">0</subfield>
    <subfield code="8">P&#xCB;KG</subfield>
    <subfield code="a">002</subfield>
    <subfield code="b">002</subfield>
    <subfield code="c">P&#xCB;KG</subfield>
    <subfield code="d">2015-12-23</subfield>
    <subfield code="l">0</subfield>
    <subfield code="o">512.7 MES</subfield>
    <subfield code="p">002-011677</subfield>
    <subfield code="r">2015-12-23</subfield>
    <subfield code="w">2015-12-23</subfield>
    <subfield code="y">BK</subfield>
  </datafield>
  <datafield tag="952" ind1=" " ind2=" ">
    <subfield code="0">0</subfield>
    <subfield code="1">0</subfield>
    <subfield code="2">udc</subfield>
    <subfield code="4">0</subfield>
    <subfield code="7">0</subfield>
    <subfield code="8">P&#xCB;KG</subfield>
    <subfield code="a">002</subfield>
    <subfield code="b">002</subfield>
    <subfield code="c">P&#xCB;KG</subfield>
    <subfield code="d">2015-12-23</subfield>
    <subfield code="l">0</subfield>
    <subfield code="o">512.7 MES</subfield>
    <subfield code="p">002-011725</subfield>
    <subfield code="r">2015-12-23</subfield>
    <subfield code="w">2015-12-23</subfield>
    <subfield code="y">BK</subfield>
  </datafield>
  <datafield tag="952" ind1=" " ind2=" ">
    <subfield code="0">0</subfield>
    <subfield code="1">0</subfield>
    <subfield code="2">udc</subfield>
    <subfield code="4">0</subfield>
    <subfield code="7">0</subfield>
    <subfield code="8">P&#xCB;KG</subfield>
    <subfield code="a">002</subfield>
    <subfield code="b">002</subfield>
    <subfield code="c">P&#xCB;KG</subfield>
    <subfield code="d">2015-12-23</subfield>
    <subfield code="l">0</subfield>
    <subfield code="o">512.7 MES</subfield>
    <subfield code="p">002-011726</subfield>
    <subfield code="r">2015-12-23</subfield>
    <subfield code="w">2015-12-23</subfield>
    <subfield code="y">BK</subfield>
  </datafield>
  <datafield tag="952" ind1=" " ind2=" ">
    <subfield code="0">0</subfield>
    <subfield code="1">0</subfield>
    <subfield code="2">udc</subfield>
    <subfield code="4">0</subfield>
    <subfield code="7">0</subfield>
    <subfield code="8">P&#xCB;KG</subfield>
    <subfield code="a">002</subfield>
    <subfield code="b">002</subfield>
    <subfield code="c">P&#xCB;KG</subfield>
    <subfield code="d">2015-12-23</subfield>
    <subfield code="l">0</subfield>
    <subfield code="o">512.7 MES</subfield>
    <subfield code="p">002-011727</subfield>
    <subfield code="r">2015-12-23</subfield>
    <subfield code="w">2015-12-23</subfield>
    <subfield code="y">BK</subfield>
  </datafield>
  <datafield tag="952" ind1=" " ind2=" ">
    <subfield code="0">0</subfield>
    <subfield code="1">0</subfield>
    <subfield code="2">udc</subfield>
    <subfield code="4">0</subfield>
    <subfield code="7">0</subfield>
    <subfield code="8">P&#xCB;KG</subfield>
    <subfield code="a">002</subfield>
    <subfield code="b">002</subfield>
    <subfield code="c">P&#xCB;KG</subfield>
    <subfield code="d">2015-12-23</subfield>
    <subfield code="l">0</subfield>
    <subfield code="o">512.7 MES</subfield>
    <subfield code="p">002-011728</subfield>
    <subfield code="r">2015-12-23</subfield>
    <subfield code="w">2015-12-23</subfield>
    <subfield code="y">BK</subfield>
  </datafield>
  <datafield tag="952" ind1=" " ind2=" ">
    <subfield code="0">0</subfield>
    <subfield code="1">0</subfield>
    <subfield code="2">udc</subfield>
    <subfield code="4">0</subfield>
    <subfield code="7">0</subfield>
    <subfield code="8">P&#xCB;KG</subfield>
    <subfield code="a">002</subfield>
    <subfield code="b">002</subfield>
    <subfield code="c">P&#xCB;KG</subfield>
    <subfield code="d">2015-12-23</subfield>
    <subfield code="l">0</subfield>
    <subfield code="o">512.7 MES</subfield>
    <subfield code="p">002-011729</subfield>
    <subfield code="r">2015-12-23</subfield>
    <subfield code="w">2015-12-23</subfield>
    <subfield code="y">BK</subfield>
  </datafield>
  <datafield tag="952" ind1=" " ind2=" ">
    <subfield code="0">0</subfield>
    <subfield code="1">0</subfield>
    <subfield code="2">udc</subfield>
    <subfield code="4">0</subfield>
    <subfield code="7">0</subfield>
    <subfield code="8">P&#xCB;KG</subfield>
    <subfield code="a">002</subfield>
    <subfield code="b">002</subfield>
    <subfield code="c">P&#xCB;KG</subfield>
    <subfield code="d">2015-12-23</subfield>
    <subfield code="l">0</subfield>
    <subfield code="o">512.7 MES</subfield>
    <subfield code="p">002-011730</subfield>
    <subfield code="r">2015-12-23</subfield>
    <subfield code="w">2015-12-23</subfield>
    <subfield code="y">BK</subfield>
  </datafield>
  <datafield tag="952" ind1=" " ind2=" ">
    <subfield code="0">0</subfield>
    <subfield code="1">0</subfield>
    <subfield code="2">udc</subfield>
    <subfield code="4">0</subfield>
    <subfield code="7">0</subfield>
    <subfield code="8">P&#xCB;KG</subfield>
    <subfield code="a">002</subfield>
    <subfield code="b">002</subfield>
    <subfield code="c">P&#xCB;KG</subfield>
    <subfield code="d">2015-12-23</subfield>
    <subfield code="l">0</subfield>
    <subfield code="o">512.7 MES</subfield>
    <subfield code="p">002-011731</subfield>
    <subfield code="r">2015-12-23</subfield>
    <subfield code="w">2015-12-23</subfield>
    <subfield code="y">BK</subfield>
  </datafield>
  <datafield tag="952" ind1=" " ind2=" ">
    <subfield code="0">0</subfield>
    <subfield code="1">0</subfield>
    <subfield code="2">udc</subfield>
    <subfield code="4">0</subfield>
    <subfield code="7">0</subfield>
    <subfield code="8">P&#xCB;KG</subfield>
    <subfield code="a">002</subfield>
    <subfield code="b">002</subfield>
    <subfield code="c">P&#xCB;KG</subfield>
    <subfield code="d">2015-12-23</subfield>
    <subfield code="l">0</subfield>
    <subfield code="o">512.7 MES</subfield>
    <subfield code="p">002-011732</subfield>
    <subfield code="r">2015-12-23</subfield>
    <subfield code="w">2015-12-23</subfield>
    <subfield code="y">BK</subfield>
  </datafield>
  <datafield tag="952" ind1=" " ind2=" ">
    <subfield code="0">0</subfield>
    <subfield code="1">0</subfield>
    <subfield code="2">udc</subfield>
    <subfield code="4">0</subfield>
    <subfield code="7">0</subfield>
    <subfield code="8">P&#xCB;KG</subfield>
    <subfield code="a">002</subfield>
    <subfield code="b">002</subfield>
    <subfield code="c">P&#xCB;KG</subfield>
    <subfield code="d">2015-12-23</subfield>
    <subfield code="l">0</subfield>
    <subfield code="o">512.7 MES</subfield>
    <subfield code="p">002-011733</subfield>
    <subfield code="r">2015-12-23</subfield>
    <subfield code="w">2015-12-23</subfield>
    <subfield code="y">BK</subfield>
  </datafield>
  <datafield tag="952" ind1=" " ind2=" ">
    <subfield code="0">0</subfield>
    <subfield code="1">0</subfield>
    <subfield code="2">udc</subfield>
    <subfield code="4">0</subfield>
    <subfield code="7">0</subfield>
    <subfield code="8">P&#xCB;KG</subfield>
    <subfield code="a">002</subfield>
    <subfield code="b">002</subfield>
    <subfield code="c">P&#xCB;KG</subfield>
    <subfield code="d">2015-12-23</subfield>
    <subfield code="l">0</subfield>
    <subfield code="o">512.7 MES</subfield>
    <subfield code="p">002-011734</subfield>
    <subfield code="r">2015-12-23</subfield>
    <subfield code="w">2015-12-23</subfield>
    <subfield code="y">BK</subfield>
  </datafield>
  <datafield tag="952" ind1=" " ind2=" ">
    <subfield code="0">0</subfield>
    <subfield code="1">0</subfield>
    <subfield code="2">udc</subfield>
    <subfield code="4">0</subfield>
    <subfield code="7">0</subfield>
    <subfield code="8">P&#xCB;KG</subfield>
    <subfield code="a">002</subfield>
    <subfield code="b">002</subfield>
    <subfield code="c">P&#xCB;KG</subfield>
    <subfield code="d">2015-12-23</subfield>
    <subfield code="l">0</subfield>
    <subfield code="o">512.7 MES</subfield>
    <subfield code="p">002-011735</subfield>
    <subfield code="r">2015-12-23</subfield>
    <subfield code="w">2015-12-23</subfield>
    <subfield code="y">BK</subfield>
  </datafield>
  <datafield tag="952" ind1=" " ind2=" ">
    <subfield code="0">0</subfield>
    <subfield code="1">0</subfield>
    <subfield code="2">udc</subfield>
    <subfield code="4">0</subfield>
    <subfield code="7">0</subfield>
    <subfield code="8">P&#xCB;KG</subfield>
    <subfield code="a">002</subfield>
    <subfield code="b">002</subfield>
    <subfield code="c">P&#xCB;KG</subfield>
    <subfield code="d">2015-12-23</subfield>
    <subfield code="l">0</subfield>
    <subfield code="o">512.7 MES</subfield>
    <subfield code="p">002-011736</subfield>
    <subfield code="r">2015-12-23</subfield>
    <subfield code="w">2015-12-23</subfield>
    <subfield code="y">BK</subfield>
  </datafield>
  <datafield tag="952" ind1=" " ind2=" ">
    <subfield code="0">0</subfield>
    <subfield code="1">0</subfield>
    <subfield code="2">udc</subfield>
    <subfield code="4">0</subfield>
    <subfield code="7">0</subfield>
    <subfield code="8">P&#xCB;KG</subfield>
    <subfield code="a">002</subfield>
    <subfield code="b">002</subfield>
    <subfield code="c">P&#xCB;KG</subfield>
    <subfield code="d">2015-12-23</subfield>
    <subfield code="l">0</subfield>
    <subfield code="o">512.7 MES</subfield>
    <subfield code="p">002-011737</subfield>
    <subfield code="r">2015-12-23</subfield>
    <subfield code="w">2015-12-23</subfield>
    <subfield code="y">BK</subfield>
  </datafield>
  <datafield tag="952" ind1=" " ind2=" ">
    <subfield code="0">0</subfield>
    <subfield code="1">0</subfield>
    <subfield code="2">udc</subfield>
    <subfield code="4">0</subfield>
    <subfield code="7">0</subfield>
    <subfield code="8">P&#xCB;KG</subfield>
    <subfield code="a">002</subfield>
    <subfield code="b">002</subfield>
    <subfield code="c">P&#xCB;KG</subfield>
    <subfield code="d">2015-12-23</subfield>
    <subfield code="l">0</subfield>
    <subfield code="o">512.7 MES</subfield>
    <subfield code="p">002-011738</subfield>
    <subfield code="r">2015-12-23</subfield>
    <subfield code="w">2015-12-23</subfield>
    <subfield code="y">BK</subfield>
  </datafield>
  <datafield tag="952" ind1=" " ind2=" ">
    <subfield code="0">0</subfield>
    <subfield code="1">0</subfield>
    <subfield code="2">udc</subfield>
    <subfield code="4">0</subfield>
    <subfield code="7">0</subfield>
    <subfield code="8">P&#xCB;KG</subfield>
    <subfield code="a">002</subfield>
    <subfield code="b">002</subfield>
    <subfield code="c">P&#xCB;KG</subfield>
    <subfield code="d">2015-12-23</subfield>
    <subfield code="l">0</subfield>
    <subfield code="o">512.7 MES</subfield>
    <subfield code="p">002-011739</subfield>
    <subfield code="r">2015-12-23</subfield>
    <subfield code="w">2015-12-23</subfield>
    <subfield code="y">BK</subfield>
  </datafield>
  <datafield tag="952" ind1=" " ind2=" ">
    <subfield code="0">0</subfield>
    <subfield code="1">0</subfield>
    <subfield code="2">udc</subfield>
    <subfield code="4">0</subfield>
    <subfield code="7">0</subfield>
    <subfield code="8">P&#xCB;KG</subfield>
    <subfield code="a">002</subfield>
    <subfield code="b">002</subfield>
    <subfield code="c">P&#xCB;KG</subfield>
    <subfield code="d">2015-12-23</subfield>
    <subfield code="l">0</subfield>
    <subfield code="o">512.7 MES</subfield>
    <subfield code="p">002-011740</subfield>
    <subfield code="r">2015-12-23</subfield>
    <subfield code="w">2015-12-23</subfield>
    <subfield code="y">BK</subfield>
  </datafield>
  <datafield tag="952" ind1=" " ind2=" ">
    <subfield code="0">0</subfield>
    <subfield code="1">0</subfield>
    <subfield code="2">udc</subfield>
    <subfield code="4">0</subfield>
    <subfield code="7">0</subfield>
    <subfield code="8">P&#xCB;KG</subfield>
    <subfield code="a">002</subfield>
    <subfield code="b">002</subfield>
    <subfield code="c">P&#xCB;KG</subfield>
    <subfield code="d">2015-12-23</subfield>
    <subfield code="l">0</subfield>
    <subfield code="o">512.7 MES</subfield>
    <subfield code="p">002-011741</subfield>
    <subfield code="r">2015-12-23</subfield>
    <subfield code="w">2015-12-23</subfield>
    <subfield code="y">BK</subfield>
  </datafield>
  <datafield tag="952" ind1=" " ind2=" ">
    <subfield code="0">0</subfield>
    <subfield code="1">0</subfield>
    <subfield code="2">udc</subfield>
    <subfield code="4">0</subfield>
    <subfield code="7">0</subfield>
    <subfield code="8">P&#xCB;KG</subfield>
    <subfield code="a">002</subfield>
    <subfield code="b">002</subfield>
    <subfield code="c">P&#xCB;KG</subfield>
    <subfield code="d">2015-12-23</subfield>
    <subfield code="l">0</subfield>
    <subfield code="o">512.7 MES</subfield>
    <subfield code="p">002-011742</subfield>
    <subfield code="r">2015-12-23</subfield>
    <subfield code="w">2015-12-23</subfield>
    <subfield code="y">BK</subfield>
  </datafield>
  <datafield tag="952" ind1=" " ind2=" ">
    <subfield code="0">0</subfield>
    <subfield code="1">0</subfield>
    <subfield code="2">udc</subfield>
    <subfield code="4">0</subfield>
    <subfield code="7">0</subfield>
    <subfield code="8">P&#xCB;KG</subfield>
    <subfield code="a">002</subfield>
    <subfield code="b">002</subfield>
    <subfield code="c">P&#xCB;KG</subfield>
    <subfield code="d">2015-12-23</subfield>
    <subfield code="l">0</subfield>
    <subfield code="o">512.7 MES</subfield>
    <subfield code="p">002-011743</subfield>
    <subfield code="r">2015-12-23</subfield>
    <subfield code="w">2015-12-23</subfield>
    <subfield code="y">BK</subfield>
  </datafield>
  <datafield tag="952" ind1=" " ind2=" ">
    <subfield code="0">0</subfield>
    <subfield code="1">0</subfield>
    <subfield code="2">udc</subfield>
    <subfield code="4">0</subfield>
    <subfield code="7">0</subfield>
    <subfield code="8">P&#xCB;KG</subfield>
    <subfield code="a">002</subfield>
    <subfield code="b">002</subfield>
    <subfield code="c">P&#xCB;KG</subfield>
    <subfield code="d">2015-12-23</subfield>
    <subfield code="l">0</subfield>
    <subfield code="o">512.7 MES</subfield>
    <subfield code="p">002-011744</subfield>
    <subfield code="r">2015-12-23</subfield>
    <subfield code="w">2015-12-23</subfield>
    <subfield code="y">BK</subfield>
  </datafield>
  <datafield tag="952" ind1=" " ind2=" ">
    <subfield code="0">0</subfield>
    <subfield code="1">0</subfield>
    <subfield code="2">udc</subfield>
    <subfield code="4">0</subfield>
    <subfield code="7">0</subfield>
    <subfield code="8">P&#xCB;KG</subfield>
    <subfield code="a">002</subfield>
    <subfield code="b">002</subfield>
    <subfield code="c">P&#xCB;KG</subfield>
    <subfield code="d">2015-12-23</subfield>
    <subfield code="l">0</subfield>
    <subfield code="o">512.7 MES</subfield>
    <subfield code="p">002-011745</subfield>
    <subfield code="r">2015-12-23</subfield>
    <subfield code="w">2015-12-23</subfield>
    <subfield code="y">BK</subfield>
  </datafield>
  <datafield tag="952" ind1=" " ind2=" ">
    <subfield code="0">0</subfield>
    <subfield code="1">0</subfield>
    <subfield code="2">udc</subfield>
    <subfield code="4">0</subfield>
    <subfield code="7">0</subfield>
    <subfield code="8">P&#xCB;KG</subfield>
    <subfield code="a">002</subfield>
    <subfield code="b">002</subfield>
    <subfield code="c">P&#xCB;KG</subfield>
    <subfield code="d">2015-12-23</subfield>
    <subfield code="l">0</subfield>
    <subfield code="o">512.7 MES</subfield>
    <subfield code="p">002-011746</subfield>
    <subfield code="r">2015-12-23</subfield>
    <subfield code="w">2015-12-23</subfield>
    <subfield code="y">BK</subfield>
  </datafield>
  <datafield tag="952" ind1=" " ind2=" ">
    <subfield code="0">0</subfield>
    <subfield code="1">0</subfield>
    <subfield code="2">udc</subfield>
    <subfield code="4">0</subfield>
    <subfield code="7">0</subfield>
    <subfield code="8">P&#xCB;KG</subfield>
    <subfield code="a">002</subfield>
    <subfield code="b">002</subfield>
    <subfield code="c">P&#xCB;KG</subfield>
    <subfield code="d">2015-12-23</subfield>
    <subfield code="l">0</subfield>
    <subfield code="o">512.7 MES</subfield>
    <subfield code="p">002-011747</subfield>
    <subfield code="r">2015-12-23</subfield>
    <subfield code="w">2015-12-23</subfield>
    <subfield code="y">BK</subfield>
  </datafield>
  <datafield tag="952" ind1=" " ind2=" ">
    <subfield code="0">0</subfield>
    <subfield code="1">0</subfield>
    <subfield code="2">udc</subfield>
    <subfield code="4">0</subfield>
    <subfield code="7">0</subfield>
    <subfield code="8">P&#xCB;KG</subfield>
    <subfield code="a">002</subfield>
    <subfield code="b">002</subfield>
    <subfield code="c">P&#xCB;KG</subfield>
    <subfield code="d">2015-12-23</subfield>
    <subfield code="l">0</subfield>
    <subfield code="o">512.7 MES</subfield>
    <subfield code="p">002-011748</subfield>
    <subfield code="r">2015-12-23</subfield>
    <subfield code="w">2015-12-23</subfield>
    <subfield code="y">BK</subfield>
  </datafield>
  <datafield tag="952" ind1=" " ind2=" ">
    <subfield code="0">0</subfield>
    <subfield code="1">0</subfield>
    <subfield code="2">udc</subfield>
    <subfield code="4">0</subfield>
    <subfield code="7">0</subfield>
    <subfield code="8">P&#xCB;KG</subfield>
    <subfield code="a">002</subfield>
    <subfield code="b">002</subfield>
    <subfield code="c">P&#xCB;KG</subfield>
    <subfield code="d">2015-12-23</subfield>
    <subfield code="l">0</subfield>
    <subfield code="o">512.7 MES</subfield>
    <subfield code="p">002-011749</subfield>
    <subfield code="r">2015-12-23</subfield>
    <subfield code="w">2015-12-23</subfield>
    <subfield code="y">BK</subfield>
  </datafield>
  <datafield tag="952" ind1=" " ind2=" ">
    <subfield code="0">0</subfield>
    <subfield code="1">0</subfield>
    <subfield code="2">udc</subfield>
    <subfield code="4">0</subfield>
    <subfield code="7">0</subfield>
    <subfield code="8">P&#xCB;KG</subfield>
    <subfield code="a">002</subfield>
    <subfield code="b">002</subfield>
    <subfield code="c">P&#xCB;KG</subfield>
    <subfield code="d">2015-12-23</subfield>
    <subfield code="l">0</subfield>
    <subfield code="o">512.7 MES</subfield>
    <subfield code="p">002-011750</subfield>
    <subfield code="r">2015-12-23</subfield>
    <subfield code="w">2015-12-23</subfield>
    <subfield code="y">BK</subfield>
  </datafield>
  <datafield tag="952" ind1=" " ind2=" ">
    <subfield code="0">0</subfield>
    <subfield code="1">0</subfield>
    <subfield code="2">udc</subfield>
    <subfield code="4">0</subfield>
    <subfield code="7">0</subfield>
    <subfield code="8">P&#xCB;KG</subfield>
    <subfield code="a">002</subfield>
    <subfield code="b">002</subfield>
    <subfield code="c">P&#xCB;KG</subfield>
    <subfield code="d">2015-12-23</subfield>
    <subfield code="l">0</subfield>
    <subfield code="o">512.7 MES</subfield>
    <subfield code="p">002-011751</subfield>
    <subfield code="r">2015-12-23</subfield>
    <subfield code="w">2015-12-23</subfield>
    <subfield code="y">BK</subfield>
  </datafield>
  <datafield tag="952" ind1=" " ind2=" ">
    <subfield code="0">0</subfield>
    <subfield code="1">0</subfield>
    <subfield code="2">udc</subfield>
    <subfield code="4">0</subfield>
    <subfield code="7">0</subfield>
    <subfield code="8">P&#xCB;KG</subfield>
    <subfield code="a">002</subfield>
    <subfield code="b">002</subfield>
    <subfield code="c">P&#xCB;KG</subfield>
    <subfield code="d">2015-12-23</subfield>
    <subfield code="l">0</subfield>
    <subfield code="o">512.7 MES</subfield>
    <subfield code="p">002-011752</subfield>
    <subfield code="r">2015-12-23</subfield>
    <subfield code="w">2015-12-23</subfield>
    <subfield code="y">BK</subfield>
  </datafield>
  <datafield tag="952" ind1=" " ind2=" ">
    <subfield code="0">0</subfield>
    <subfield code="1">0</subfield>
    <subfield code="2">udc</subfield>
    <subfield code="4">0</subfield>
    <subfield code="7">0</subfield>
    <subfield code="8">P&#xCB;KG</subfield>
    <subfield code="a">002</subfield>
    <subfield code="b">002</subfield>
    <subfield code="c">P&#xCB;KG</subfield>
    <subfield code="d">2015-12-23</subfield>
    <subfield code="l">0</subfield>
    <subfield code="o">512.7 MES</subfield>
    <subfield code="p">002-011753</subfield>
    <subfield code="r">2015-12-23</subfield>
    <subfield code="w">2015-12-23</subfield>
    <subfield code="y">BK</subfield>
  </datafield>
  <datafield tag="952" ind1=" " ind2=" ">
    <subfield code="0">0</subfield>
    <subfield code="1">0</subfield>
    <subfield code="2">udc</subfield>
    <subfield code="4">0</subfield>
    <subfield code="7">0</subfield>
    <subfield code="8">P&#xCB;KG</subfield>
    <subfield code="a">002</subfield>
    <subfield code="b">002</subfield>
    <subfield code="c">P&#xCB;KG</subfield>
    <subfield code="d">2015-12-23</subfield>
    <subfield code="l">0</subfield>
    <subfield code="o">512.7 MES</subfield>
    <subfield code="p">002-011754</subfield>
    <subfield code="r">2015-12-23</subfield>
    <subfield code="w">2015-12-23</subfield>
    <subfield code="y">BK</subfield>
  </datafield>
  <datafield tag="952" ind1=" " ind2=" ">
    <subfield code="0">0</subfield>
    <subfield code="1">0</subfield>
    <subfield code="2">udc</subfield>
    <subfield code="4">0</subfield>
    <subfield code="7">0</subfield>
    <subfield code="8">P&#xCB;KG</subfield>
    <subfield code="a">002</subfield>
    <subfield code="b">002</subfield>
    <subfield code="c">P&#xCB;KG</subfield>
    <subfield code="d">2015-12-23</subfield>
    <subfield code="l">0</subfield>
    <subfield code="o">512.7 MES</subfield>
    <subfield code="p">002-010650</subfield>
    <subfield code="r">2015-12-23</subfield>
    <subfield code="w">2015-12-23</subfield>
    <subfield code="y">BK</subfield>
  </datafield>
  <datafield tag="952" ind1=" " ind2=" ">
    <subfield code="0">0</subfield>
    <subfield code="1">0</subfield>
    <subfield code="2">udc</subfield>
    <subfield code="4">0</subfield>
    <subfield code="7">0</subfield>
    <subfield code="8">P&#xCB;KG</subfield>
    <subfield code="a">002</subfield>
    <subfield code="b">002</subfield>
    <subfield code="c">P&#xCB;KG</subfield>
    <subfield code="d">2015-12-23</subfield>
    <subfield code="l">0</subfield>
    <subfield code="o">512.7 MES</subfield>
    <subfield code="p">002-010651</subfield>
    <subfield code="r">2015-12-23</subfield>
    <subfield code="w">2015-12-23</subfield>
    <subfield code="y">BK</subfield>
  </datafield>
  <datafield tag="952" ind1=" " ind2=" ">
    <subfield code="0">0</subfield>
    <subfield code="1">0</subfield>
    <subfield code="2">udc</subfield>
    <subfield code="4">0</subfield>
    <subfield code="7">0</subfield>
    <subfield code="8">P&#xCB;KG</subfield>
    <subfield code="a">002</subfield>
    <subfield code="b">002</subfield>
    <subfield code="c">P&#xCB;KG</subfield>
    <subfield code="d">2015-12-23</subfield>
    <subfield code="l">0</subfield>
    <subfield code="o">512.7 MES</subfield>
    <subfield code="p">002-010652</subfield>
    <subfield code="r">2015-12-23</subfield>
    <subfield code="w">2015-12-23</subfield>
    <subfield code="y">BK</subfield>
  </datafield>
  <datafield tag="952" ind1=" " ind2=" ">
    <subfield code="0">0</subfield>
    <subfield code="1">0</subfield>
    <subfield code="2">udc</subfield>
    <subfield code="4">0</subfield>
    <subfield code="7">0</subfield>
    <subfield code="8">P&#xCB;KG</subfield>
    <subfield code="a">002</subfield>
    <subfield code="b">002</subfield>
    <subfield code="c">P&#xCB;KG</subfield>
    <subfield code="d">2015-12-23</subfield>
    <subfield code="l">0</subfield>
    <subfield code="o">512.7 MES</subfield>
    <subfield code="p">002-010653</subfield>
    <subfield code="r">2015-12-23</subfield>
    <subfield code="w">2015-12-23</subfield>
    <subfield code="y">BK</subfield>
  </datafield>
  <datafield tag="952" ind1=" " ind2=" ">
    <subfield code="0">0</subfield>
    <subfield code="1">0</subfield>
    <subfield code="2">udc</subfield>
    <subfield code="4">0</subfield>
    <subfield code="7">0</subfield>
    <subfield code="8">P&#xCB;KG</subfield>
    <subfield code="a">002</subfield>
    <subfield code="b">002</subfield>
    <subfield code="c">P&#xCB;KG</subfield>
    <subfield code="d">2015-12-23</subfield>
    <subfield code="l">0</subfield>
    <subfield code="o">512.7 MES</subfield>
    <subfield code="p">002-010654</subfield>
    <subfield code="r">2015-12-23</subfield>
    <subfield code="w">2015-12-23</subfield>
    <subfield code="y">BK</subfield>
  </datafield>
  <datafield tag="952" ind1=" " ind2=" ">
    <subfield code="0">0</subfield>
    <subfield code="1">0</subfield>
    <subfield code="2">udc</subfield>
    <subfield code="4">0</subfield>
    <subfield code="7">0</subfield>
    <subfield code="8">P&#xCB;KG</subfield>
    <subfield code="a">002</subfield>
    <subfield code="b">002</subfield>
    <subfield code="c">P&#xCB;KG</subfield>
    <subfield code="d">2015-12-23</subfield>
    <subfield code="l">0</subfield>
    <subfield code="o">512.7 MES</subfield>
    <subfield code="p">002-010655</subfield>
    <subfield code="r">2015-12-23</subfield>
    <subfield code="w">2015-12-23</subfield>
    <subfield code="y">BK</subfield>
  </datafield>
  <datafield tag="952" ind1=" " ind2=" ">
    <subfield code="0">0</subfield>
    <subfield code="1">0</subfield>
    <subfield code="2">udc</subfield>
    <subfield code="4">0</subfield>
    <subfield code="7">0</subfield>
    <subfield code="8">P&#xCB;KG</subfield>
    <subfield code="a">002</subfield>
    <subfield code="b">002</subfield>
    <subfield code="c">P&#xCB;KG</subfield>
    <subfield code="d">2015-12-23</subfield>
    <subfield code="l">0</subfield>
    <subfield code="o">512.7 MES</subfield>
    <subfield code="p">002-010656</subfield>
    <subfield code="r">2015-12-23</subfield>
    <subfield code="w">2015-12-23</subfield>
    <subfield code="y">BK</subfield>
  </datafield>
  <datafield tag="952" ind1=" " ind2=" ">
    <subfield code="0">0</subfield>
    <subfield code="1">0</subfield>
    <subfield code="2">udc</subfield>
    <subfield code="4">0</subfield>
    <subfield code="7">0</subfield>
    <subfield code="8">P&#xCB;KG</subfield>
    <subfield code="a">002</subfield>
    <subfield code="b">002</subfield>
    <subfield code="c">P&#xCB;KG</subfield>
    <subfield code="d">2015-12-23</subfield>
    <subfield code="l">0</subfield>
    <subfield code="o">512.7 MES</subfield>
    <subfield code="p">002-010657</subfield>
    <subfield code="r">2015-12-23</subfield>
    <subfield code="w">2015-12-23</subfield>
    <subfield code="y">BK</subfield>
  </datafield>
  <datafield tag="952" ind1=" " ind2=" ">
    <subfield code="0">0</subfield>
    <subfield code="1">0</subfield>
    <subfield code="2">udc</subfield>
    <subfield code="4">0</subfield>
    <subfield code="7">0</subfield>
    <subfield code="8">P&#xCB;KG</subfield>
    <subfield code="a">002</subfield>
    <subfield code="b">002</subfield>
    <subfield code="c">P&#xCB;KG</subfield>
    <subfield code="d">2015-12-23</subfield>
    <subfield code="l">0</subfield>
    <subfield code="o">512.7 MES</subfield>
    <subfield code="p">002-010658</subfield>
    <subfield code="r">2015-12-23</subfield>
    <subfield code="w">2015-12-23</subfield>
    <subfield code="y">BK</subfield>
  </datafield>
  <datafield tag="952" ind1=" " ind2=" ">
    <subfield code="0">0</subfield>
    <subfield code="1">0</subfield>
    <subfield code="2">udc</subfield>
    <subfield code="4">0</subfield>
    <subfield code="7">0</subfield>
    <subfield code="8">P&#xCB;KG</subfield>
    <subfield code="a">002</subfield>
    <subfield code="b">002</subfield>
    <subfield code="c">P&#xCB;KG</subfield>
    <subfield code="d">2015-12-23</subfield>
    <subfield code="l">0</subfield>
    <subfield code="o">512.7 MES</subfield>
    <subfield code="p">002-010659</subfield>
    <subfield code="r">2015-12-23</subfield>
    <subfield code="w">2015-12-23</subfield>
    <subfield code="y">BK</subfield>
  </datafield>
  <datafield tag="952" ind1=" " ind2=" ">
    <subfield code="0">0</subfield>
    <subfield code="1">0</subfield>
    <subfield code="2">udc</subfield>
    <subfield code="4">0</subfield>
    <subfield code="7">0</subfield>
    <subfield code="8">P&#xCB;KG</subfield>
    <subfield code="a">002</subfield>
    <subfield code="b">002</subfield>
    <subfield code="c">P&#xCB;KG</subfield>
    <subfield code="d">2015-12-23</subfield>
    <subfield code="l">0</subfield>
    <subfield code="o">512.7 MES</subfield>
    <subfield code="p">002-010660</subfield>
    <subfield code="r">2015-12-23</subfield>
    <subfield code="w">2015-12-23</subfield>
    <subfield code="y">BK</subfield>
  </datafield>
  <datafield tag="952" ind1=" " ind2=" ">
    <subfield code="0">0</subfield>
    <subfield code="1">0</subfield>
    <subfield code="2">udc</subfield>
    <subfield code="4">0</subfield>
    <subfield code="7">0</subfield>
    <subfield code="8">P&#xCB;KG</subfield>
    <subfield code="a">002</subfield>
    <subfield code="b">002</subfield>
    <subfield code="c">P&#xCB;KG</subfield>
    <subfield code="d">2015-12-23</subfield>
    <subfield code="l">0</subfield>
    <subfield code="o">512.7 MES</subfield>
    <subfield code="p">002-010661</subfield>
    <subfield code="r">2015-12-23</subfield>
    <subfield code="w">2015-12-23</subfield>
    <subfield code="y">BK</subfield>
  </datafield>
  <datafield tag="952" ind1=" " ind2=" ">
    <subfield code="0">0</subfield>
    <subfield code="1">0</subfield>
    <subfield code="2">udc</subfield>
    <subfield code="4">0</subfield>
    <subfield code="7">0</subfield>
    <subfield code="8">P&#xCB;KG</subfield>
    <subfield code="a">002</subfield>
    <subfield code="b">002</subfield>
    <subfield code="c">P&#xCB;KG</subfield>
    <subfield code="d">2015-12-23</subfield>
    <subfield code="l">0</subfield>
    <subfield code="o">512.7 MES</subfield>
    <subfield code="p">002-010662</subfield>
    <subfield code="r">2015-12-23</subfield>
    <subfield code="w">2015-12-23</subfield>
    <subfield code="y">BK</subfield>
  </datafield>
  <datafield tag="952" ind1=" " ind2=" ">
    <subfield code="0">0</subfield>
    <subfield code="1">0</subfield>
    <subfield code="2">udc</subfield>
    <subfield code="4">0</subfield>
    <subfield code="7">0</subfield>
    <subfield code="8">P&#xCB;KG</subfield>
    <subfield code="a">002</subfield>
    <subfield code="b">002</subfield>
    <subfield code="c">P&#xCB;KG</subfield>
    <subfield code="d">2015-12-23</subfield>
    <subfield code="l">0</subfield>
    <subfield code="o">512.7 MES</subfield>
    <subfield code="p">002-010663</subfield>
    <subfield code="r">2015-12-23</subfield>
    <subfield code="w">2015-12-23</subfield>
    <subfield code="y">BK</subfield>
  </datafield>
  <datafield tag="952" ind1=" " ind2=" ">
    <subfield code="0">0</subfield>
    <subfield code="1">0</subfield>
    <subfield code="2">udc</subfield>
    <subfield code="4">0</subfield>
    <subfield code="7">0</subfield>
    <subfield code="8">P&#xCB;KG</subfield>
    <subfield code="a">002</subfield>
    <subfield code="b">002</subfield>
    <subfield code="c">P&#xCB;KG</subfield>
    <subfield code="d">2015-12-23</subfield>
    <subfield code="l">0</subfield>
    <subfield code="o">512.7 MES</subfield>
    <subfield code="p">002-010664</subfield>
    <subfield code="r">2015-12-23</subfield>
    <subfield code="w">2015-12-23</subfield>
    <subfield code="y">BK</subfield>
  </datafield>
  <datafield tag="952" ind1=" " ind2=" ">
    <subfield code="0">0</subfield>
    <subfield code="1">0</subfield>
    <subfield code="2">udc</subfield>
    <subfield code="4">0</subfield>
    <subfield code="7">0</subfield>
    <subfield code="8">P&#xCB;KG</subfield>
    <subfield code="a">002</subfield>
    <subfield code="b">002</subfield>
    <subfield code="c">P&#xCB;KG</subfield>
    <subfield code="d">2015-12-23</subfield>
    <subfield code="l">0</subfield>
    <subfield code="o">512.7 MES</subfield>
    <subfield code="p">002-010665</subfield>
    <subfield code="r">2015-12-23</subfield>
    <subfield code="w">2015-12-23</subfield>
    <subfield code="y">BK</subfield>
  </datafield>
  <datafield tag="952" ind1=" " ind2=" ">
    <subfield code="0">0</subfield>
    <subfield code="1">0</subfield>
    <subfield code="2">udc</subfield>
    <subfield code="4">0</subfield>
    <subfield code="7">0</subfield>
    <subfield code="8">P&#xCB;KG</subfield>
    <subfield code="a">002</subfield>
    <subfield code="b">002</subfield>
    <subfield code="c">P&#xCB;KG</subfield>
    <subfield code="d">2015-12-23</subfield>
    <subfield code="l">0</subfield>
    <subfield code="o">512.7 MES</subfield>
    <subfield code="p">002-010666</subfield>
    <subfield code="r">2015-12-23</subfield>
    <subfield code="w">2015-12-23</subfield>
    <subfield code="y">BK</subfield>
  </datafield>
  <datafield tag="952" ind1=" " ind2=" ">
    <subfield code="0">0</subfield>
    <subfield code="1">0</subfield>
    <subfield code="2">udc</subfield>
    <subfield code="4">0</subfield>
    <subfield code="7">0</subfield>
    <subfield code="8">P&#xCB;KG</subfield>
    <subfield code="a">002</subfield>
    <subfield code="b">002</subfield>
    <subfield code="c">P&#xCB;KG</subfield>
    <subfield code="d">2015-12-23</subfield>
    <subfield code="l">0</subfield>
    <subfield code="o">512.7 MES</subfield>
    <subfield code="p">002-010667</subfield>
    <subfield code="r">2015-12-23</subfield>
    <subfield code="w">2015-12-23</subfield>
    <subfield code="y">BK</subfield>
  </datafield>
  <datafield tag="952" ind1=" " ind2=" ">
    <subfield code="0">0</subfield>
    <subfield code="1">0</subfield>
    <subfield code="2">udc</subfield>
    <subfield code="4">0</subfield>
    <subfield code="7">0</subfield>
    <subfield code="8">P&#xCB;KG</subfield>
    <subfield code="a">002</subfield>
    <subfield code="b">002</subfield>
    <subfield code="c">P&#xCB;KG</subfield>
    <subfield code="d">2015-12-23</subfield>
    <subfield code="l">0</subfield>
    <subfield code="o">512.7 MES</subfield>
    <subfield code="p">002-010668</subfield>
    <subfield code="r">2015-12-23</subfield>
    <subfield code="w">2015-12-23</subfield>
    <subfield code="y">BK</subfield>
  </datafield>
  <datafield tag="952" ind1=" " ind2=" ">
    <subfield code="0">0</subfield>
    <subfield code="1">0</subfield>
    <subfield code="2">udc</subfield>
    <subfield code="4">0</subfield>
    <subfield code="7">0</subfield>
    <subfield code="8">P&#xCB;KG</subfield>
    <subfield code="a">002</subfield>
    <subfield code="b">002</subfield>
    <subfield code="c">P&#xCB;KG</subfield>
    <subfield code="d">2015-12-23</subfield>
    <subfield code="l">0</subfield>
    <subfield code="o">512.7 MES</subfield>
    <subfield code="p">002-010669</subfield>
    <subfield code="r">2015-12-23</subfield>
    <subfield code="w">2015-12-23</subfield>
    <subfield code="y">BK</subfield>
  </datafield>
  <datafield tag="952" ind1=" " ind2=" ">
    <subfield code="0">0</subfield>
    <subfield code="1">0</subfield>
    <subfield code="2">udc</subfield>
    <subfield code="4">0</subfield>
    <subfield code="7">0</subfield>
    <subfield code="8">P&#xCB;KG</subfield>
    <subfield code="a">002</subfield>
    <subfield code="b">002</subfield>
    <subfield code="c">P&#xCB;KG</subfield>
    <subfield code="d">2015-12-23</subfield>
    <subfield code="l">0</subfield>
    <subfield code="o">512.7 MES</subfield>
    <subfield code="p">002-010670</subfield>
    <subfield code="r">2015-12-23</subfield>
    <subfield code="w">2015-12-23</subfield>
    <subfield code="y">BK</subfield>
  </datafield>
  <datafield tag="952" ind1=" " ind2=" ">
    <subfield code="0">0</subfield>
    <subfield code="1">0</subfield>
    <subfield code="2">udc</subfield>
    <subfield code="4">0</subfield>
    <subfield code="7">0</subfield>
    <subfield code="8">P&#xCB;KG</subfield>
    <subfield code="a">002</subfield>
    <subfield code="b">002</subfield>
    <subfield code="c">P&#xCB;KG</subfield>
    <subfield code="d">2015-12-23</subfield>
    <subfield code="l">0</subfield>
    <subfield code="o">512.7 MES</subfield>
    <subfield code="p">002-010671</subfield>
    <subfield code="r">2015-12-23</subfield>
    <subfield code="w">2015-12-23</subfield>
    <subfield code="y">BK</subfield>
  </datafield>
  <datafield tag="952" ind1=" " ind2=" ">
    <subfield code="0">0</subfield>
    <subfield code="1">0</subfield>
    <subfield code="2">udc</subfield>
    <subfield code="4">0</subfield>
    <subfield code="7">0</subfield>
    <subfield code="8">P&#xCB;KG</subfield>
    <subfield code="a">002</subfield>
    <subfield code="b">002</subfield>
    <subfield code="c">P&#xCB;KG</subfield>
    <subfield code="d">2015-12-23</subfield>
    <subfield code="l">0</subfield>
    <subfield code="o">512.7 MES</subfield>
    <subfield code="p">002-010672</subfield>
    <subfield code="r">2015-12-23</subfield>
    <subfield code="w">2015-12-23</subfield>
    <subfield code="y">BK</subfield>
  </datafield>
  <datafield tag="952" ind1=" " ind2=" ">
    <subfield code="0">0</subfield>
    <subfield code="1">0</subfield>
    <subfield code="2">udc</subfield>
    <subfield code="4">0</subfield>
    <subfield code="7">0</subfield>
    <subfield code="8">P&#xCB;KG</subfield>
    <subfield code="a">002</subfield>
    <subfield code="b">002</subfield>
    <subfield code="c">P&#xCB;KG</subfield>
    <subfield code="d">2015-12-23</subfield>
    <subfield code="l">0</subfield>
    <subfield code="o">512.7 MES</subfield>
    <subfield code="p">002-010673</subfield>
    <subfield code="r">2015-12-23</subfield>
    <subfield code="w">2015-12-23</subfield>
    <subfield code="y">BK</subfield>
  </datafield>
  <datafield tag="952" ind1=" " ind2=" ">
    <subfield code="0">0</subfield>
    <subfield code="1">0</subfield>
    <subfield code="2">udc</subfield>
    <subfield code="4">0</subfield>
    <subfield code="7">0</subfield>
    <subfield code="8">P&#xCB;KG</subfield>
    <subfield code="a">002</subfield>
    <subfield code="b">002</subfield>
    <subfield code="c">P&#xCB;KG</subfield>
    <subfield code="d">2015-12-23</subfield>
    <subfield code="l">0</subfield>
    <subfield code="o">512.7 MES</subfield>
    <subfield code="p">002-010674</subfield>
    <subfield code="r">2015-12-23</subfield>
    <subfield code="w">2015-12-23</subfield>
    <subfield code="y">BK</subfield>
  </datafield>
  <datafield tag="952" ind1=" " ind2=" ">
    <subfield code="0">0</subfield>
    <subfield code="1">0</subfield>
    <subfield code="2">udc</subfield>
    <subfield code="4">0</subfield>
    <subfield code="7">0</subfield>
    <subfield code="8">P&#xCB;KG</subfield>
    <subfield code="a">002</subfield>
    <subfield code="b">002</subfield>
    <subfield code="c">P&#xCB;KG</subfield>
    <subfield code="d">2015-12-23</subfield>
    <subfield code="l">0</subfield>
    <subfield code="o">512.7 MES</subfield>
    <subfield code="p">002-010675</subfield>
    <subfield code="r">2015-12-23</subfield>
    <subfield code="w">2015-12-23</subfield>
    <subfield code="y">BK</subfield>
  </datafield>
  <datafield tag="952" ind1=" " ind2=" ">
    <subfield code="0">0</subfield>
    <subfield code="1">0</subfield>
    <subfield code="2">udc</subfield>
    <subfield code="4">0</subfield>
    <subfield code="7">0</subfield>
    <subfield code="8">P&#xCB;KG</subfield>
    <subfield code="a">002</subfield>
    <subfield code="b">002</subfield>
    <subfield code="c">P&#xCB;KG</subfield>
    <subfield code="d">2015-12-23</subfield>
    <subfield code="l">0</subfield>
    <subfield code="o">512.7 MES</subfield>
    <subfield code="p">002-010676</subfield>
    <subfield code="r">2015-12-23</subfield>
    <subfield code="w">2015-12-23</subfield>
    <subfield code="y">BK</subfield>
  </datafield>
  <datafield tag="952" ind1=" " ind2=" ">
    <subfield code="0">0</subfield>
    <subfield code="1">0</subfield>
    <subfield code="2">udc</subfield>
    <subfield code="4">0</subfield>
    <subfield code="7">0</subfield>
    <subfield code="8">P&#xCB;KG</subfield>
    <subfield code="a">002</subfield>
    <subfield code="b">002</subfield>
    <subfield code="c">P&#xCB;KG</subfield>
    <subfield code="d">2015-12-23</subfield>
    <subfield code="l">0</subfield>
    <subfield code="o">512.7 MES</subfield>
    <subfield code="p">002-010677</subfield>
    <subfield code="r">2015-12-23</subfield>
    <subfield code="w">2015-12-23</subfield>
    <subfield code="y">BK</subfield>
  </datafield>
  <datafield tag="952" ind1=" " ind2=" ">
    <subfield code="0">0</subfield>
    <subfield code="1">0</subfield>
    <subfield code="2">udc</subfield>
    <subfield code="4">0</subfield>
    <subfield code="7">0</subfield>
    <subfield code="8">P&#xCB;KG</subfield>
    <subfield code="a">002</subfield>
    <subfield code="b">002</subfield>
    <subfield code="c">P&#xCB;KG</subfield>
    <subfield code="d">2015-12-23</subfield>
    <subfield code="l">0</subfield>
    <subfield code="o">512.7 MES</subfield>
    <subfield code="p">002-010678</subfield>
    <subfield code="r">2015-12-23</subfield>
    <subfield code="w">2015-12-23</subfield>
    <subfield code="y">BK</subfield>
  </datafield>
  <datafield tag="952" ind1=" " ind2=" ">
    <subfield code="0">0</subfield>
    <subfield code="1">0</subfield>
    <subfield code="2">udc</subfield>
    <subfield code="4">0</subfield>
    <subfield code="7">0</subfield>
    <subfield code="8">P&#xCB;KG</subfield>
    <subfield code="a">002</subfield>
    <subfield code="b">002</subfield>
    <subfield code="c">P&#xCB;KG</subfield>
    <subfield code="d">2015-12-23</subfield>
    <subfield code="l">0</subfield>
    <subfield code="o">512.7 MES</subfield>
    <subfield code="p">002-010679</subfield>
    <subfield code="r">2015-12-23</subfield>
    <subfield code="w">2015-12-23</subfield>
    <subfield code="y">BK</subfield>
  </datafield>
  <datafield tag="952" ind1=" " ind2=" ">
    <subfield code="0">0</subfield>
    <subfield code="1">0</subfield>
    <subfield code="2">udc</subfield>
    <subfield code="4">0</subfield>
    <subfield code="7">0</subfield>
    <subfield code="8">P&#xCB;KG</subfield>
    <subfield code="a">002</subfield>
    <subfield code="b">002</subfield>
    <subfield code="c">P&#xCB;KG</subfield>
    <subfield code="d">2015-12-23</subfield>
    <subfield code="l">0</subfield>
    <subfield code="o">512.7 MES</subfield>
    <subfield code="p">002-010680</subfield>
    <subfield code="r">2015-12-23</subfield>
    <subfield code="w">2015-12-23</subfield>
    <subfield code="y">BK</subfield>
  </datafield>
  <datafield tag="952" ind1=" " ind2=" ">
    <subfield code="0">0</subfield>
    <subfield code="1">0</subfield>
    <subfield code="2">udc</subfield>
    <subfield code="4">0</subfield>
    <subfield code="7">0</subfield>
    <subfield code="8">P&#xCB;KG</subfield>
    <subfield code="a">002</subfield>
    <subfield code="b">002</subfield>
    <subfield code="c">P&#xCB;KG</subfield>
    <subfield code="d">2015-12-23</subfield>
    <subfield code="l">0</subfield>
    <subfield code="o">512.7 MES</subfield>
    <subfield code="p">002-010681</subfield>
    <subfield code="r">2015-12-23</subfield>
    <subfield code="w">2015-12-23</subfield>
    <subfield code="y">BK</subfield>
  </datafield>
  <datafield tag="952" ind1=" " ind2=" ">
    <subfield code="0">0</subfield>
    <subfield code="1">0</subfield>
    <subfield code="2">udc</subfield>
    <subfield code="4">0</subfield>
    <subfield code="7">0</subfield>
    <subfield code="8">P&#xCB;KG</subfield>
    <subfield code="a">002</subfield>
    <subfield code="b">002</subfield>
    <subfield code="c">P&#xCB;KG</subfield>
    <subfield code="d">2015-12-23</subfield>
    <subfield code="l">0</subfield>
    <subfield code="o">512.7 MES</subfield>
    <subfield code="p">002-010682</subfield>
    <subfield code="r">2015-12-23</subfield>
    <subfield code="w">2015-12-23</subfield>
    <subfield code="y">BK</subfield>
  </datafield>
  <datafield tag="952" ind1=" " ind2=" ">
    <subfield code="0">0</subfield>
    <subfield code="1">0</subfield>
    <subfield code="2">udc</subfield>
    <subfield code="4">0</subfield>
    <subfield code="7">0</subfield>
    <subfield code="8">P&#xCB;KG</subfield>
    <subfield code="a">002</subfield>
    <subfield code="b">002</subfield>
    <subfield code="c">P&#xCB;KG</subfield>
    <subfield code="d">2015-12-23</subfield>
    <subfield code="l">0</subfield>
    <subfield code="o">512.7 MES</subfield>
    <subfield code="p">002-010683</subfield>
    <subfield code="r">2015-12-23</subfield>
    <subfield code="w">2015-12-23</subfield>
    <subfield code="y">BK</subfield>
  </datafield>
  <datafield tag="952" ind1=" " ind2=" ">
    <subfield code="0">0</subfield>
    <subfield code="1">0</subfield>
    <subfield code="2">udc</subfield>
    <subfield code="4">0</subfield>
    <subfield code="7">0</subfield>
    <subfield code="8">P&#xCB;KG</subfield>
    <subfield code="a">002</subfield>
    <subfield code="b">002</subfield>
    <subfield code="c">P&#xCB;KG</subfield>
    <subfield code="d">2015-12-23</subfield>
    <subfield code="l">0</subfield>
    <subfield code="o">512.7 MES</subfield>
    <subfield code="p">002-010684</subfield>
    <subfield code="r">2015-12-23</subfield>
    <subfield code="w">2015-12-23</subfield>
    <subfield code="y">BK</subfield>
  </datafield>
  <datafield tag="952" ind1=" " ind2=" ">
    <subfield code="0">0</subfield>
    <subfield code="1">0</subfield>
    <subfield code="2">udc</subfield>
    <subfield code="4">0</subfield>
    <subfield code="7">0</subfield>
    <subfield code="8">P&#xCB;KG</subfield>
    <subfield code="a">002</subfield>
    <subfield code="b">002</subfield>
    <subfield code="c">P&#xCB;KG</subfield>
    <subfield code="d">2015-12-24</subfield>
    <subfield code="l">0</subfield>
    <subfield code="o">512.7 MES</subfield>
    <subfield code="p">002-010685</subfield>
    <subfield code="r">2015-12-24</subfield>
    <subfield code="w">2015-12-24</subfield>
    <subfield code="y">BK</subfield>
  </datafield>
  <datafield tag="952" ind1=" " ind2=" ">
    <subfield code="0">0</subfield>
    <subfield code="1">0</subfield>
    <subfield code="2">udc</subfield>
    <subfield code="4">0</subfield>
    <subfield code="7">0</subfield>
    <subfield code="8">P&#xCB;KG</subfield>
    <subfield code="a">002</subfield>
    <subfield code="b">002</subfield>
    <subfield code="c">P&#xCB;KG</subfield>
    <subfield code="d">2015-12-24</subfield>
    <subfield code="l">0</subfield>
    <subfield code="o">512.7 MES</subfield>
    <subfield code="p">002-010686</subfield>
    <subfield code="r">2015-12-24</subfield>
    <subfield code="w">2015-12-24</subfield>
    <subfield code="y">BK</subfield>
  </datafield>
  <datafield tag="952" ind1=" " ind2=" ">
    <subfield code="0">0</subfield>
    <subfield code="1">0</subfield>
    <subfield code="2">udc</subfield>
    <subfield code="4">0</subfield>
    <subfield code="7">0</subfield>
    <subfield code="8">P&#xCB;KG</subfield>
    <subfield code="a">002</subfield>
    <subfield code="b">002</subfield>
    <subfield code="c">P&#xCB;KG</subfield>
    <subfield code="d">2015-12-24</subfield>
    <subfield code="l">0</subfield>
    <subfield code="o">512.7 MES</subfield>
    <subfield code="p">002-010687</subfield>
    <subfield code="r">2015-12-24</subfield>
    <subfield code="w">2015-12-24</subfield>
    <subfield code="y">BK</subfield>
  </datafield>
  <datafield tag="952" ind1=" " ind2=" ">
    <subfield code="0">0</subfield>
    <subfield code="1">0</subfield>
    <subfield code="2">udc</subfield>
    <subfield code="4">0</subfield>
    <subfield code="7">0</subfield>
    <subfield code="8">P&#xCB;KG</subfield>
    <subfield code="a">002</subfield>
    <subfield code="b">002</subfield>
    <subfield code="c">P&#xCB;KG</subfield>
    <subfield code="d">2015-12-24</subfield>
    <subfield code="l">0</subfield>
    <subfield code="o">512.7 MES</subfield>
    <subfield code="p">002-010688</subfield>
    <subfield code="r">2015-12-24</subfield>
    <subfield code="w">2015-12-24</subfield>
    <subfield code="y">BK</subfield>
  </datafield>
  <datafield tag="952" ind1=" " ind2=" ">
    <subfield code="0">0</subfield>
    <subfield code="1">0</subfield>
    <subfield code="2">udc</subfield>
    <subfield code="4">0</subfield>
    <subfield code="7">0</subfield>
    <subfield code="8">P&#xCB;KG</subfield>
    <subfield code="a">002</subfield>
    <subfield code="b">002</subfield>
    <subfield code="c">P&#xCB;KG</subfield>
    <subfield code="d">2015-12-24</subfield>
    <subfield code="l">0</subfield>
    <subfield code="o">512.7 MES</subfield>
    <subfield code="p">002-010689</subfield>
    <subfield code="r">2015-12-24</subfield>
    <subfield code="w">2015-12-24</subfield>
    <subfield code="y">BK</subfield>
  </datafield>
  <datafield tag="952" ind1=" " ind2=" ">
    <subfield code="0">0</subfield>
    <subfield code="1">0</subfield>
    <subfield code="2">udc</subfield>
    <subfield code="4">0</subfield>
    <subfield code="7">0</subfield>
    <subfield code="8">P&#xCB;KG</subfield>
    <subfield code="a">002</subfield>
    <subfield code="b">002</subfield>
    <subfield code="c">P&#xCB;KG</subfield>
    <subfield code="d">2015-12-24</subfield>
    <subfield code="l">0</subfield>
    <subfield code="o">512.7 MES</subfield>
    <subfield code="p">002-010690</subfield>
    <subfield code="r">2015-12-24</subfield>
    <subfield code="w">2015-12-24</subfield>
    <subfield code="y">BK</subfield>
  </datafield>
  <datafield tag="952" ind1=" " ind2=" ">
    <subfield code="0">0</subfield>
    <subfield code="1">0</subfield>
    <subfield code="2">udc</subfield>
    <subfield code="4">0</subfield>
    <subfield code="7">0</subfield>
    <subfield code="8">P&#xCB;KG</subfield>
    <subfield code="a">002</subfield>
    <subfield code="b">002</subfield>
    <subfield code="c">P&#xCB;KG</subfield>
    <subfield code="d">2015-12-24</subfield>
    <subfield code="l">0</subfield>
    <subfield code="o">512.7 MES</subfield>
    <subfield code="p">002-010691</subfield>
    <subfield code="r">2015-12-24</subfield>
    <subfield code="w">2015-12-24</subfield>
    <subfield code="y">BK</subfield>
  </datafield>
  <datafield tag="952" ind1=" " ind2=" ">
    <subfield code="0">0</subfield>
    <subfield code="1">0</subfield>
    <subfield code="2">udc</subfield>
    <subfield code="4">0</subfield>
    <subfield code="7">0</subfield>
    <subfield code="8">P&#xCB;KG</subfield>
    <subfield code="a">002</subfield>
    <subfield code="b">002</subfield>
    <subfield code="c">P&#xCB;KG</subfield>
    <subfield code="d">2015-12-24</subfield>
    <subfield code="l">0</subfield>
    <subfield code="o">512.7 MES</subfield>
    <subfield code="p">002-010692</subfield>
    <subfield code="r">2015-12-24</subfield>
    <subfield code="w">2015-12-24</subfield>
    <subfield code="y">BK</subfield>
  </datafield>
  <datafield tag="952" ind1=" " ind2=" ">
    <subfield code="0">0</subfield>
    <subfield code="1">0</subfield>
    <subfield code="2">udc</subfield>
    <subfield code="4">0</subfield>
    <subfield code="7">0</subfield>
    <subfield code="8">P&#xCB;KG</subfield>
    <subfield code="a">002</subfield>
    <subfield code="b">002</subfield>
    <subfield code="c">P&#xCB;KG</subfield>
    <subfield code="d">2015-12-24</subfield>
    <subfield code="l">0</subfield>
    <subfield code="o">512.7 MES</subfield>
    <subfield code="p">002-010693</subfield>
    <subfield code="r">2015-12-24</subfield>
    <subfield code="w">2015-12-24</subfield>
    <subfield code="y">BK</subfield>
  </datafield>
  <datafield tag="952" ind1=" " ind2=" ">
    <subfield code="0">0</subfield>
    <subfield code="1">0</subfield>
    <subfield code="2">udc</subfield>
    <subfield code="4">0</subfield>
    <subfield code="7">0</subfield>
    <subfield code="8">P&#xCB;KG</subfield>
    <subfield code="a">002</subfield>
    <subfield code="b">002</subfield>
    <subfield code="c">P&#xCB;KG</subfield>
    <subfield code="d">2015-12-24</subfield>
    <subfield code="l">0</subfield>
    <subfield code="o">512.7 MES</subfield>
    <subfield code="p">002-010694</subfield>
    <subfield code="r">2015-12-24</subfield>
    <subfield code="w">2015-12-24</subfield>
    <subfield code="y">BK</subfield>
  </datafield>
  <datafield tag="952" ind1=" " ind2=" ">
    <subfield code="0">0</subfield>
    <subfield code="1">0</subfield>
    <subfield code="2">udc</subfield>
    <subfield code="4">0</subfield>
    <subfield code="7">0</subfield>
    <subfield code="8">P&#xCB;KG</subfield>
    <subfield code="a">002</subfield>
    <subfield code="b">002</subfield>
    <subfield code="c">P&#xCB;KG</subfield>
    <subfield code="d">2015-12-24</subfield>
    <subfield code="l">0</subfield>
    <subfield code="o">512.7 MES</subfield>
    <subfield code="p">002-010695</subfield>
    <subfield code="r">2015-12-24</subfield>
    <subfield code="w">2015-12-24</subfield>
    <subfield code="y">BK</subfield>
  </datafield>
  <datafield tag="952" ind1=" " ind2=" ">
    <subfield code="0">0</subfield>
    <subfield code="1">0</subfield>
    <subfield code="2">udc</subfield>
    <subfield code="4">0</subfield>
    <subfield code="7">0</subfield>
    <subfield code="8">P&#xCB;KG</subfield>
    <subfield code="a">002</subfield>
    <subfield code="b">002</subfield>
    <subfield code="c">P&#xCB;KG</subfield>
    <subfield code="d">2015-12-24</subfield>
    <subfield code="l">0</subfield>
    <subfield code="o">512.7 MES</subfield>
    <subfield code="p">002-010696</subfield>
    <subfield code="r">2015-12-24</subfield>
    <subfield code="w">2015-12-24</subfield>
    <subfield code="y">BK</subfield>
  </datafield>
  <datafield tag="952" ind1=" " ind2=" ">
    <subfield code="0">0</subfield>
    <subfield code="1">0</subfield>
    <subfield code="2">udc</subfield>
    <subfield code="4">0</subfield>
    <subfield code="7">0</subfield>
    <subfield code="8">P&#xCB;KG</subfield>
    <subfield code="a">002</subfield>
    <subfield code="b">002</subfield>
    <subfield code="c">P&#xCB;KG</subfield>
    <subfield code="d">2015-12-24</subfield>
    <subfield code="l">0</subfield>
    <subfield code="o">512.7 MES</subfield>
    <subfield code="p">002-010697</subfield>
    <subfield code="r">2015-12-24</subfield>
    <subfield code="w">2015-12-24</subfield>
    <subfield code="y">BK</subfield>
  </datafield>
  <datafield tag="952" ind1=" " ind2=" ">
    <subfield code="0">0</subfield>
    <subfield code="1">0</subfield>
    <subfield code="2">udc</subfield>
    <subfield code="4">0</subfield>
    <subfield code="7">0</subfield>
    <subfield code="8">P&#xCB;KG</subfield>
    <subfield code="a">002</subfield>
    <subfield code="b">002</subfield>
    <subfield code="c">P&#xCB;KG</subfield>
    <subfield code="d">2015-12-24</subfield>
    <subfield code="l">0</subfield>
    <subfield code="o">512.7 MES</subfield>
    <subfield code="p">002-010698</subfield>
    <subfield code="r">2015-12-24</subfield>
    <subfield code="w">2015-12-24</subfield>
    <subfield code="y">BK</subfield>
  </datafield>
  <datafield tag="952" ind1=" " ind2=" ">
    <subfield code="0">0</subfield>
    <subfield code="1">0</subfield>
    <subfield code="2">udc</subfield>
    <subfield code="4">0</subfield>
    <subfield code="7">0</subfield>
    <subfield code="8">P&#xCB;KG</subfield>
    <subfield code="a">002</subfield>
    <subfield code="b">002</subfield>
    <subfield code="c">P&#xCB;KG</subfield>
    <subfield code="d">2015-12-24</subfield>
    <subfield code="l">0</subfield>
    <subfield code="o">512.7 MES</subfield>
    <subfield code="p">002-010699</subfield>
    <subfield code="r">2015-12-24</subfield>
    <subfield code="w">2015-12-24</subfield>
    <subfield code="y">BK</subfield>
  </datafield>
  <datafield tag="952" ind1=" " ind2=" ">
    <subfield code="0">0</subfield>
    <subfield code="1">0</subfield>
    <subfield code="2">udc</subfield>
    <subfield code="4">0</subfield>
    <subfield code="7">0</subfield>
    <subfield code="8">P&#xCB;KG</subfield>
    <subfield code="a">002</subfield>
    <subfield code="b">002</subfield>
    <subfield code="c">P&#xCB;KG</subfield>
    <subfield code="d">2015-12-24</subfield>
    <subfield code="l">0</subfield>
    <subfield code="o">512.7 MES</subfield>
    <subfield code="p">002-010700</subfield>
    <subfield code="r">2015-12-24</subfield>
    <subfield code="w">2015-12-24</subfield>
    <subfield code="y">BK</subfield>
  </datafield>
  <datafield tag="952" ind1=" " ind2=" ">
    <subfield code="0">0</subfield>
    <subfield code="1">0</subfield>
    <subfield code="2">udc</subfield>
    <subfield code="4">0</subfield>
    <subfield code="7">0</subfield>
    <subfield code="8">P&#xCB;KG</subfield>
    <subfield code="a">002</subfield>
    <subfield code="b">002</subfield>
    <subfield code="c">P&#xCB;KG</subfield>
    <subfield code="d">2015-12-24</subfield>
    <subfield code="l">0</subfield>
    <subfield code="o">512.7 MES</subfield>
    <subfield code="p">002-010701</subfield>
    <subfield code="r">2015-12-24</subfield>
    <subfield code="w">2015-12-24</subfield>
    <subfield code="y">BK</subfield>
  </datafield>
  <datafield tag="952" ind1=" " ind2=" ">
    <subfield code="0">0</subfield>
    <subfield code="1">0</subfield>
    <subfield code="2">udc</subfield>
    <subfield code="4">0</subfield>
    <subfield code="7">0</subfield>
    <subfield code="8">P&#xCB;KG</subfield>
    <subfield code="a">002</subfield>
    <subfield code="b">002</subfield>
    <subfield code="c">P&#xCB;KG</subfield>
    <subfield code="d">2015-12-24</subfield>
    <subfield code="l">0</subfield>
    <subfield code="o">512.7 MES</subfield>
    <subfield code="p">002-010702</subfield>
    <subfield code="r">2015-12-24</subfield>
    <subfield code="w">2015-12-24</subfield>
    <subfield code="y">BK</subfield>
  </datafield>
  <datafield tag="952" ind1=" " ind2=" ">
    <subfield code="0">0</subfield>
    <subfield code="1">0</subfield>
    <subfield code="2">udc</subfield>
    <subfield code="4">0</subfield>
    <subfield code="7">0</subfield>
    <subfield code="8">P&#xCB;KG</subfield>
    <subfield code="a">002</subfield>
    <subfield code="b">002</subfield>
    <subfield code="c">P&#xCB;KG</subfield>
    <subfield code="d">2015-12-24</subfield>
    <subfield code="l">0</subfield>
    <subfield code="o">512.7 MES</subfield>
    <subfield code="p">002-010703</subfield>
    <subfield code="r">2015-12-24</subfield>
    <subfield code="w">2015-12-24</subfield>
    <subfield code="y">BK</subfield>
  </datafield>
  <datafield tag="952" ind1=" " ind2=" ">
    <subfield code="0">0</subfield>
    <subfield code="1">0</subfield>
    <subfield code="2">udc</subfield>
    <subfield code="4">0</subfield>
    <subfield code="7">0</subfield>
    <subfield code="8">P&#xCB;KG</subfield>
    <subfield code="a">002</subfield>
    <subfield code="b">002</subfield>
    <subfield code="c">P&#xCB;KG</subfield>
    <subfield code="d">2015-12-24</subfield>
    <subfield code="l">0</subfield>
    <subfield code="o">512.7 MES</subfield>
    <subfield code="p">002-010704</subfield>
    <subfield code="r">2015-12-24</subfield>
    <subfield code="w">2015-12-24</subfield>
    <subfield code="y">BK</subfield>
  </datafield>
  <datafield tag="952" ind1=" " ind2=" ">
    <subfield code="0">0</subfield>
    <subfield code="1">0</subfield>
    <subfield code="2">udc</subfield>
    <subfield code="4">0</subfield>
    <subfield code="7">0</subfield>
    <subfield code="8">P&#xCB;KG</subfield>
    <subfield code="a">002</subfield>
    <subfield code="b">002</subfield>
    <subfield code="c">P&#xCB;KG</subfield>
    <subfield code="d">2015-12-24</subfield>
    <subfield code="l">0</subfield>
    <subfield code="o">512.7 MES</subfield>
    <subfield code="p">002-010705</subfield>
    <subfield code="r">2015-12-24</subfield>
    <subfield code="w">2015-12-24</subfield>
    <subfield code="y">BK</subfield>
  </datafield>
  <datafield tag="952" ind1=" " ind2=" ">
    <subfield code="0">0</subfield>
    <subfield code="1">0</subfield>
    <subfield code="2">udc</subfield>
    <subfield code="4">0</subfield>
    <subfield code="7">0</subfield>
    <subfield code="8">P&#xCB;KG</subfield>
    <subfield code="a">002</subfield>
    <subfield code="b">002</subfield>
    <subfield code="c">P&#xCB;KG</subfield>
    <subfield code="d">2015-12-24</subfield>
    <subfield code="l">0</subfield>
    <subfield code="o">512.7 MES</subfield>
    <subfield code="p">002-010706</subfield>
    <subfield code="r">2015-12-24</subfield>
    <subfield code="w">2015-12-24</subfield>
    <subfield code="y">BK</subfield>
  </datafield>
  <datafield tag="952" ind1=" " ind2=" ">
    <subfield code="0">0</subfield>
    <subfield code="1">0</subfield>
    <subfield code="2">udc</subfield>
    <subfield code="4">0</subfield>
    <subfield code="7">0</subfield>
    <subfield code="8">P&#xCB;KG</subfield>
    <subfield code="a">002</subfield>
    <subfield code="b">002</subfield>
    <subfield code="c">P&#xCB;KG</subfield>
    <subfield code="d">2015-12-24</subfield>
    <subfield code="l">0</subfield>
    <subfield code="o">512.7 MES</subfield>
    <subfield code="p">002-010707</subfield>
    <subfield code="r">2015-12-24</subfield>
    <subfield code="w">2015-12-24</subfield>
    <subfield code="y">BK</subfield>
  </datafield>
  <datafield tag="952" ind1=" " ind2=" ">
    <subfield code="0">0</subfield>
    <subfield code="1">0</subfield>
    <subfield code="2">udc</subfield>
    <subfield code="4">0</subfield>
    <subfield code="7">0</subfield>
    <subfield code="8">P&#xCB;KG</subfield>
    <subfield code="a">002</subfield>
    <subfield code="b">002</subfield>
    <subfield code="c">P&#xCB;KG</subfield>
    <subfield code="d">2015-12-24</subfield>
    <subfield code="l">0</subfield>
    <subfield code="o">512.7 MES</subfield>
    <subfield code="p">002-010708</subfield>
    <subfield code="r">2015-12-24</subfield>
    <subfield code="w">2015-12-24</subfield>
    <subfield code="y">BK</subfield>
  </datafield>
  <datafield tag="952" ind1=" " ind2=" ">
    <subfield code="0">0</subfield>
    <subfield code="1">0</subfield>
    <subfield code="2">udc</subfield>
    <subfield code="4">0</subfield>
    <subfield code="7">0</subfield>
    <subfield code="8">P&#xCB;KG</subfield>
    <subfield code="a">002</subfield>
    <subfield code="b">002</subfield>
    <subfield code="c">P&#xCB;KG</subfield>
    <subfield code="d">2015-12-24</subfield>
    <subfield code="l">0</subfield>
    <subfield code="o">512.7 MES</subfield>
    <subfield code="p">002-010709</subfield>
    <subfield code="r">2015-12-24</subfield>
    <subfield code="w">2015-12-24</subfield>
    <subfield code="y">BK</subfield>
  </datafield>
  <datafield tag="952" ind1=" " ind2=" ">
    <subfield code="0">0</subfield>
    <subfield code="1">0</subfield>
    <subfield code="2">udc</subfield>
    <subfield code="4">0</subfield>
    <subfield code="7">0</subfield>
    <subfield code="8">P&#xCB;KG</subfield>
    <subfield code="a">002</subfield>
    <subfield code="b">002</subfield>
    <subfield code="c">P&#xCB;KG</subfield>
    <subfield code="d">2015-12-24</subfield>
    <subfield code="l">0</subfield>
    <subfield code="o">512.7 MES</subfield>
    <subfield code="p">002-010710</subfield>
    <subfield code="r">2015-12-24</subfield>
    <subfield code="w">2015-12-24</subfield>
    <subfield code="y">BK</subfield>
  </datafield>
  <datafield tag="952" ind1=" " ind2=" ">
    <subfield code="0">0</subfield>
    <subfield code="1">0</subfield>
    <subfield code="2">udc</subfield>
    <subfield code="4">0</subfield>
    <subfield code="7">0</subfield>
    <subfield code="8">P&#xCB;KG</subfield>
    <subfield code="a">002</subfield>
    <subfield code="b">002</subfield>
    <subfield code="c">P&#xCB;KG</subfield>
    <subfield code="d">2015-12-24</subfield>
    <subfield code="l">0</subfield>
    <subfield code="o">512.7 MES</subfield>
    <subfield code="p">002-010711</subfield>
    <subfield code="r">2015-12-24</subfield>
    <subfield code="w">2015-12-24</subfield>
    <subfield code="y">BK</subfield>
  </datafield>
  <datafield tag="952" ind1=" " ind2=" ">
    <subfield code="0">0</subfield>
    <subfield code="1">0</subfield>
    <subfield code="2">udc</subfield>
    <subfield code="4">0</subfield>
    <subfield code="7">0</subfield>
    <subfield code="8">P&#xCB;KG</subfield>
    <subfield code="a">002</subfield>
    <subfield code="b">002</subfield>
    <subfield code="c">P&#xCB;KG</subfield>
    <subfield code="d">2015-12-24</subfield>
    <subfield code="l">0</subfield>
    <subfield code="o">512.7 MES</subfield>
    <subfield code="p">002-010712</subfield>
    <subfield code="r">2015-12-24</subfield>
    <subfield code="w">2015-12-24</subfield>
    <subfield code="y">BK</subfield>
  </datafield>
  <datafield tag="952" ind1=" " ind2=" ">
    <subfield code="0">0</subfield>
    <subfield code="1">0</subfield>
    <subfield code="2">udc</subfield>
    <subfield code="4">0</subfield>
    <subfield code="7">0</subfield>
    <subfield code="8">P&#xCB;KG</subfield>
    <subfield code="a">002</subfield>
    <subfield code="b">002</subfield>
    <subfield code="c">P&#xCB;KG</subfield>
    <subfield code="d">2015-12-24</subfield>
    <subfield code="l">0</subfield>
    <subfield code="o">512.7 MES 	</subfield>
    <subfield code="p">002-010713</subfield>
    <subfield code="r">2015-12-24</subfield>
    <subfield code="w">2015-12-24</subfield>
    <subfield code="y">BK</subfield>
  </datafield>
  <datafield tag="952" ind1=" " ind2=" ">
    <subfield code="0">0</subfield>
    <subfield code="1">0</subfield>
    <subfield code="2">udc</subfield>
    <subfield code="4">0</subfield>
    <subfield code="7">0</subfield>
    <subfield code="8">P&#xCB;KG</subfield>
    <subfield code="a">002</subfield>
    <subfield code="b">002</subfield>
    <subfield code="c">P&#xCB;KG</subfield>
    <subfield code="d">2015-12-24</subfield>
    <subfield code="l">0</subfield>
    <subfield code="o">512.7 MES 	</subfield>
    <subfield code="p">002-010714</subfield>
    <subfield code="r">2015-12-24</subfield>
    <subfield code="w">2015-12-24</subfield>
    <subfield code="y">BK</subfield>
  </datafield>
  <datafield tag="952" ind1=" " ind2=" ">
    <subfield code="0">0</subfield>
    <subfield code="1">0</subfield>
    <subfield code="2">udc</subfield>
    <subfield code="4">0</subfield>
    <subfield code="7">0</subfield>
    <subfield code="8">P&#xCB;KG</subfield>
    <subfield code="a">002</subfield>
    <subfield code="b">002</subfield>
    <subfield code="c">P&#xCB;KG</subfield>
    <subfield code="d">2015-12-24</subfield>
    <subfield code="l">0</subfield>
    <subfield code="o">512.7 MES 	</subfield>
    <subfield code="p">002-010715</subfield>
    <subfield code="r">2015-12-24</subfield>
    <subfield code="w">2015-12-24</subfield>
    <subfield code="y">BK</subfield>
  </datafield>
  <datafield tag="952" ind1=" " ind2=" ">
    <subfield code="0">0</subfield>
    <subfield code="1">0</subfield>
    <subfield code="2">udc</subfield>
    <subfield code="4">0</subfield>
    <subfield code="7">0</subfield>
    <subfield code="8">P&#xCB;KG</subfield>
    <subfield code="a">002</subfield>
    <subfield code="b">002</subfield>
    <subfield code="c">P&#xCB;KG</subfield>
    <subfield code="d">2015-12-24</subfield>
    <subfield code="l">0</subfield>
    <subfield code="o">512.7 MES 	</subfield>
    <subfield code="p">002-010716</subfield>
    <subfield code="r">2015-12-24</subfield>
    <subfield code="w">2015-12-24</subfield>
    <subfield code="y">BK</subfield>
  </datafield>
  <datafield tag="952" ind1=" " ind2=" ">
    <subfield code="0">0</subfield>
    <subfield code="1">0</subfield>
    <subfield code="2">udc</subfield>
    <subfield code="4">0</subfield>
    <subfield code="7">0</subfield>
    <subfield code="8">P&#xCB;KG</subfield>
    <subfield code="a">002</subfield>
    <subfield code="b">002</subfield>
    <subfield code="c">P&#xCB;KG</subfield>
    <subfield code="d">2015-12-24</subfield>
    <subfield code="l">0</subfield>
    <subfield code="o">512.7 MES 	</subfield>
    <subfield code="p">002-010717</subfield>
    <subfield code="r">2015-12-24</subfield>
    <subfield code="w">2015-12-24</subfield>
    <subfield code="y">BK</subfield>
  </datafield>
  <datafield tag="952" ind1=" " ind2=" ">
    <subfield code="0">0</subfield>
    <subfield code="1">0</subfield>
    <subfield code="2">udc</subfield>
    <subfield code="4">0</subfield>
    <subfield code="7">0</subfield>
    <subfield code="8">P&#xCB;KG</subfield>
    <subfield code="a">002</subfield>
    <subfield code="b">002</subfield>
    <subfield code="c">P&#xCB;KG</subfield>
    <subfield code="d">2015-12-24</subfield>
    <subfield code="l">0</subfield>
    <subfield code="o">512.7 MES 	</subfield>
    <subfield code="p">002-010718</subfield>
    <subfield code="r">2015-12-24</subfield>
    <subfield code="w">2015-12-24</subfield>
    <subfield code="y">BK</subfield>
  </datafield>
  <datafield tag="952" ind1=" " ind2=" ">
    <subfield code="0">0</subfield>
    <subfield code="1">0</subfield>
    <subfield code="2">udc</subfield>
    <subfield code="4">0</subfield>
    <subfield code="7">0</subfield>
    <subfield code="8">P&#xCB;KG</subfield>
    <subfield code="a">002</subfield>
    <subfield code="b">002</subfield>
    <subfield code="c">P&#xCB;KG</subfield>
    <subfield code="d">2015-12-24</subfield>
    <subfield code="l">0</subfield>
    <subfield code="o">512.7 MES 	</subfield>
    <subfield code="p">002-010719</subfield>
    <subfield code="r">2015-12-24</subfield>
    <subfield code="w">2015-12-24</subfield>
    <subfield code="y">BK</subfield>
  </datafield>
  <datafield tag="952" ind1=" " ind2=" ">
    <subfield code="0">0</subfield>
    <subfield code="1">0</subfield>
    <subfield code="2">udc</subfield>
    <subfield code="4">0</subfield>
    <subfield code="7">0</subfield>
    <subfield code="8">P&#xCB;KG</subfield>
    <subfield code="a">002</subfield>
    <subfield code="b">002</subfield>
    <subfield code="c">P&#xCB;KG</subfield>
    <subfield code="d">2015-12-24</subfield>
    <subfield code="l">0</subfield>
    <subfield code="o">512.7 MES 	</subfield>
    <subfield code="p">002-010720</subfield>
    <subfield code="r">2015-12-24</subfield>
    <subfield code="w">2015-12-24</subfield>
    <subfield code="y">BK</subfield>
  </datafield>
  <datafield tag="952" ind1=" " ind2=" ">
    <subfield code="0">0</subfield>
    <subfield code="1">0</subfield>
    <subfield code="2">udc</subfield>
    <subfield code="4">0</subfield>
    <subfield code="7">0</subfield>
    <subfield code="8">P&#xCB;KG</subfield>
    <subfield code="a">002</subfield>
    <subfield code="b">002</subfield>
    <subfield code="c">P&#xCB;KG</subfield>
    <subfield code="d">2015-12-24</subfield>
    <subfield code="l">0</subfield>
    <subfield code="o">512.7 MES 	</subfield>
    <subfield code="p">002-010721</subfield>
    <subfield code="r">2015-12-24</subfield>
    <subfield code="w">2015-12-24</subfield>
    <subfield code="y">BK</subfield>
  </datafield>
  <datafield tag="952" ind1=" " ind2=" ">
    <subfield code="0">0</subfield>
    <subfield code="1">0</subfield>
    <subfield code="2">udc</subfield>
    <subfield code="4">0</subfield>
    <subfield code="7">0</subfield>
    <subfield code="8">P&#xCB;KG</subfield>
    <subfield code="a">002</subfield>
    <subfield code="b">002</subfield>
    <subfield code="c">P&#xCB;KG</subfield>
    <subfield code="d">2015-12-24</subfield>
    <subfield code="l">0</subfield>
    <subfield code="o">512.7 MES 	</subfield>
    <subfield code="p">002-010722</subfield>
    <subfield code="r">2015-12-24</subfield>
    <subfield code="w">2015-12-24</subfield>
    <subfield code="y">BK</subfield>
  </datafield>
  <datafield tag="952" ind1=" " ind2=" ">
    <subfield code="0">0</subfield>
    <subfield code="1">0</subfield>
    <subfield code="2">udc</subfield>
    <subfield code="4">0</subfield>
    <subfield code="7">0</subfield>
    <subfield code="8">P&#xCB;KG</subfield>
    <subfield code="a">002</subfield>
    <subfield code="b">002</subfield>
    <subfield code="c">P&#xCB;KG</subfield>
    <subfield code="d">2015-12-24</subfield>
    <subfield code="l">0</subfield>
    <subfield code="o">512.7 MES 	</subfield>
    <subfield code="p">002-010723</subfield>
    <subfield code="r">2015-12-24</subfield>
    <subfield code="w">2015-12-24</subfield>
    <subfield code="y">BK</subfield>
  </datafield>
  <datafield tag="952" ind1=" " ind2=" ">
    <subfield code="0">0</subfield>
    <subfield code="1">0</subfield>
    <subfield code="2">udc</subfield>
    <subfield code="4">0</subfield>
    <subfield code="7">0</subfield>
    <subfield code="8">P&#xCB;KG</subfield>
    <subfield code="a">002</subfield>
    <subfield code="b">002</subfield>
    <subfield code="c">P&#xCB;KG</subfield>
    <subfield code="d">2015-12-24</subfield>
    <subfield code="l">0</subfield>
    <subfield code="o">512.7 MES 	</subfield>
    <subfield code="p">002-010724</subfield>
    <subfield code="r">2015-12-24</subfield>
    <subfield code="w">2015-12-24</subfield>
    <subfield code="y">BK</subfield>
  </datafield>
  <datafield tag="952" ind1=" " ind2=" ">
    <subfield code="0">0</subfield>
    <subfield code="1">0</subfield>
    <subfield code="2">udc</subfield>
    <subfield code="4">0</subfield>
    <subfield code="7">0</subfield>
    <subfield code="8">P&#xCB;KG</subfield>
    <subfield code="a">002</subfield>
    <subfield code="b">002</subfield>
    <subfield code="c">P&#xCB;KG</subfield>
    <subfield code="d">2015-12-24</subfield>
    <subfield code="l">0</subfield>
    <subfield code="o">512.7 MES 	</subfield>
    <subfield code="p">002-010725</subfield>
    <subfield code="r">2015-12-24</subfield>
    <subfield code="w">2015-12-24</subfield>
    <subfield code="y">BK</subfield>
  </datafield>
  <datafield tag="952" ind1=" " ind2=" ">
    <subfield code="0">0</subfield>
    <subfield code="1">0</subfield>
    <subfield code="2">udc</subfield>
    <subfield code="4">0</subfield>
    <subfield code="7">0</subfield>
    <subfield code="8">P&#xCB;KG</subfield>
    <subfield code="a">002</subfield>
    <subfield code="b">002</subfield>
    <subfield code="c">P&#xCB;KG</subfield>
    <subfield code="d">2015-12-24</subfield>
    <subfield code="l">0</subfield>
    <subfield code="o">512.7 MES 	</subfield>
    <subfield code="p">002-010726</subfield>
    <subfield code="r">2015-12-24</subfield>
    <subfield code="w">2015-12-24</subfield>
    <subfield code="y">BK</subfield>
  </datafield>
  <datafield tag="952" ind1=" " ind2=" ">
    <subfield code="0">0</subfield>
    <subfield code="1">0</subfield>
    <subfield code="2">udc</subfield>
    <subfield code="4">0</subfield>
    <subfield code="7">0</subfield>
    <subfield code="8">P&#xCB;KG</subfield>
    <subfield code="a">002</subfield>
    <subfield code="b">002</subfield>
    <subfield code="c">P&#xCB;KG</subfield>
    <subfield code="d">2015-12-24</subfield>
    <subfield code="l">0</subfield>
    <subfield code="o">512.7 MES 	</subfield>
    <subfield code="p">002-010727</subfield>
    <subfield code="r">2015-12-24</subfield>
    <subfield code="w">2015-12-24</subfield>
    <subfield code="y">BK</subfield>
  </datafield>
  <datafield tag="952" ind1=" " ind2=" ">
    <subfield code="0">0</subfield>
    <subfield code="1">0</subfield>
    <subfield code="2">udc</subfield>
    <subfield code="4">0</subfield>
    <subfield code="7">0</subfield>
    <subfield code="8">P&#xCB;KG</subfield>
    <subfield code="a">002</subfield>
    <subfield code="b">002</subfield>
    <subfield code="c">P&#xCB;KG</subfield>
    <subfield code="d">2015-12-24</subfield>
    <subfield code="l">0</subfield>
    <subfield code="o">512.7 MES 	</subfield>
    <subfield code="p">002-010728</subfield>
    <subfield code="r">2015-12-24</subfield>
    <subfield code="w">2015-12-24</subfield>
    <subfield code="y">BK</subfield>
  </datafield>
  <datafield tag="952" ind1=" " ind2=" ">
    <subfield code="0">0</subfield>
    <subfield code="1">0</subfield>
    <subfield code="2">udc</subfield>
    <subfield code="4">0</subfield>
    <subfield code="7">0</subfield>
    <subfield code="8">P&#xCB;KG</subfield>
    <subfield code="a">002</subfield>
    <subfield code="b">002</subfield>
    <subfield code="c">P&#xCB;KG</subfield>
    <subfield code="d">2015-12-24</subfield>
    <subfield code="l">0</subfield>
    <subfield code="o">512.7 MES 	</subfield>
    <subfield code="p">002-010729</subfield>
    <subfield code="r">2015-12-24</subfield>
    <subfield code="w">2015-12-24</subfield>
    <subfield code="y">BK</subfield>
  </datafield>
  <datafield tag="952" ind1=" " ind2=" ">
    <subfield code="0">0</subfield>
    <subfield code="1">0</subfield>
    <subfield code="2">udc</subfield>
    <subfield code="4">0</subfield>
    <subfield code="7">0</subfield>
    <subfield code="8">P&#xCB;KG</subfield>
    <subfield code="a">002</subfield>
    <subfield code="b">002</subfield>
    <subfield code="c">P&#xCB;KG</subfield>
    <subfield code="d">2015-12-24</subfield>
    <subfield code="l">0</subfield>
    <subfield code="o">512.7 MES 	</subfield>
    <subfield code="p">002-010730</subfield>
    <subfield code="r">2015-12-24</subfield>
    <subfield code="w">2015-12-24</subfield>
    <subfield code="y">BK</subfield>
  </datafield>
  <datafield tag="952" ind1=" " ind2=" ">
    <subfield code="0">0</subfield>
    <subfield code="1">0</subfield>
    <subfield code="2">udc</subfield>
    <subfield code="4">0</subfield>
    <subfield code="7">0</subfield>
    <subfield code="8">P&#xCB;KG</subfield>
    <subfield code="a">002</subfield>
    <subfield code="b">002</subfield>
    <subfield code="c">P&#xCB;KG</subfield>
    <subfield code="d">2015-12-24</subfield>
    <subfield code="l">0</subfield>
    <subfield code="o">512.7 MES 	</subfield>
    <subfield code="p">002-010731</subfield>
    <subfield code="r">2015-12-24</subfield>
    <subfield code="w">2015-12-24</subfield>
    <subfield code="y">BK</subfield>
  </datafield>
  <datafield tag="952" ind1=" " ind2=" ">
    <subfield code="0">0</subfield>
    <subfield code="1">0</subfield>
    <subfield code="2">udc</subfield>
    <subfield code="4">0</subfield>
    <subfield code="7">0</subfield>
    <subfield code="8">P&#xCB;KG</subfield>
    <subfield code="a">002</subfield>
    <subfield code="b">002</subfield>
    <subfield code="c">P&#xCB;KG</subfield>
    <subfield code="d">2015-12-24</subfield>
    <subfield code="l">0</subfield>
    <subfield code="o">512.7 MES 	</subfield>
    <subfield code="p">002-010732</subfield>
    <subfield code="r">2015-12-24</subfield>
    <subfield code="w">2015-12-24</subfield>
    <subfield code="y">BK</subfield>
  </datafield>
  <datafield tag="952" ind1=" " ind2=" ">
    <subfield code="0">0</subfield>
    <subfield code="1">0</subfield>
    <subfield code="2">udc</subfield>
    <subfield code="4">0</subfield>
    <subfield code="7">0</subfield>
    <subfield code="8">P&#xCB;KG</subfield>
    <subfield code="a">002</subfield>
    <subfield code="b">002</subfield>
    <subfield code="c">P&#xCB;KG</subfield>
    <subfield code="d">2015-12-24</subfield>
    <subfield code="l">0</subfield>
    <subfield code="o">512.7 MES 	</subfield>
    <subfield code="p">002-010733</subfield>
    <subfield code="r">2015-12-24</subfield>
    <subfield code="w">2015-12-24</subfield>
    <subfield code="y">BK</subfield>
  </datafield>
  <datafield tag="952" ind1=" " ind2=" ">
    <subfield code="0">0</subfield>
    <subfield code="1">0</subfield>
    <subfield code="2">udc</subfield>
    <subfield code="4">0</subfield>
    <subfield code="7">0</subfield>
    <subfield code="8">P&#xCB;KG</subfield>
    <subfield code="a">002</subfield>
    <subfield code="b">002</subfield>
    <subfield code="c">P&#xCB;KG</subfield>
    <subfield code="d">2015-12-24</subfield>
    <subfield code="l">0</subfield>
    <subfield code="o">512.7 MES 	</subfield>
    <subfield code="p">002-010734</subfield>
    <subfield code="r">2015-12-24</subfield>
    <subfield code="w">2015-12-24</subfield>
    <subfield code="y">BK</subfield>
  </datafield>
  <datafield tag="952" ind1=" " ind2=" ">
    <subfield code="0">0</subfield>
    <subfield code="1">0</subfield>
    <subfield code="2">udc</subfield>
    <subfield code="4">0</subfield>
    <subfield code="7">0</subfield>
    <subfield code="8">P&#xCB;KG</subfield>
    <subfield code="a">002</subfield>
    <subfield code="b">002</subfield>
    <subfield code="c">P&#xCB;KG</subfield>
    <subfield code="d">2015-12-24</subfield>
    <subfield code="l">0</subfield>
    <subfield code="o">512.7 MES 	</subfield>
    <subfield code="p">002-010735</subfield>
    <subfield code="r">2015-12-24</subfield>
    <subfield code="w">2015-12-24</subfield>
    <subfield code="y">BK</subfield>
  </datafield>
  <datafield tag="952" ind1=" " ind2=" ">
    <subfield code="0">0</subfield>
    <subfield code="1">0</subfield>
    <subfield code="2">udc</subfield>
    <subfield code="4">0</subfield>
    <subfield code="7">0</subfield>
    <subfield code="8">P&#xCB;KG</subfield>
    <subfield code="a">002</subfield>
    <subfield code="b">002</subfield>
    <subfield code="c">P&#xCB;KG</subfield>
    <subfield code="d">2015-12-24</subfield>
    <subfield code="l">0</subfield>
    <subfield code="o">512.7 MES 	</subfield>
    <subfield code="p">002-010736</subfield>
    <subfield code="r">2015-12-24</subfield>
    <subfield code="w">2015-12-24</subfield>
    <subfield code="y">BK</subfield>
  </datafield>
  <datafield tag="952" ind1=" " ind2=" ">
    <subfield code="0">0</subfield>
    <subfield code="1">0</subfield>
    <subfield code="2">udc</subfield>
    <subfield code="4">0</subfield>
    <subfield code="7">0</subfield>
    <subfield code="8">P&#xCB;KG</subfield>
    <subfield code="a">002</subfield>
    <subfield code="b">002</subfield>
    <subfield code="c">P&#xCB;KG</subfield>
    <subfield code="d">2015-12-24</subfield>
    <subfield code="l">0</subfield>
    <subfield code="o">512.7 MES 	</subfield>
    <subfield code="p">002-010737</subfield>
    <subfield code="r">2015-12-24</subfield>
    <subfield code="w">2015-12-24</subfield>
    <subfield code="y">BK</subfield>
  </datafield>
  <datafield tag="952" ind1=" " ind2=" ">
    <subfield code="0">0</subfield>
    <subfield code="1">0</subfield>
    <subfield code="2">udc</subfield>
    <subfield code="4">0</subfield>
    <subfield code="7">0</subfield>
    <subfield code="8">P&#xCB;KG</subfield>
    <subfield code="a">002</subfield>
    <subfield code="b">002</subfield>
    <subfield code="c">P&#xCB;KG</subfield>
    <subfield code="d">2015-12-24</subfield>
    <subfield code="l">0</subfield>
    <subfield code="o">512.7 MES 	</subfield>
    <subfield code="p">002-010738</subfield>
    <subfield code="r">2015-12-24</subfield>
    <subfield code="w">2015-12-24</subfield>
    <subfield code="y">BK</subfield>
  </datafield>
  <datafield tag="952" ind1=" " ind2=" ">
    <subfield code="0">0</subfield>
    <subfield code="1">0</subfield>
    <subfield code="2">udc</subfield>
    <subfield code="4">0</subfield>
    <subfield code="7">0</subfield>
    <subfield code="8">P&#xCB;KG</subfield>
    <subfield code="a">002</subfield>
    <subfield code="b">002</subfield>
    <subfield code="c">P&#xCB;KG</subfield>
    <subfield code="d">2015-12-24</subfield>
    <subfield code="l">0</subfield>
    <subfield code="o">512.7 MES 	</subfield>
    <subfield code="p">002-010739</subfield>
    <subfield code="r">2015-12-24</subfield>
    <subfield code="w">2015-12-24</subfield>
    <subfield code="y">BK</subfield>
  </datafield>
  <datafield tag="952" ind1=" " ind2=" ">
    <subfield code="0">0</subfield>
    <subfield code="1">0</subfield>
    <subfield code="2">udc</subfield>
    <subfield code="4">0</subfield>
    <subfield code="7">0</subfield>
    <subfield code="8">P&#xCB;KG</subfield>
    <subfield code="a">002</subfield>
    <subfield code="b">002</subfield>
    <subfield code="c">P&#xCB;KG</subfield>
    <subfield code="d">2015-12-24</subfield>
    <subfield code="l">0</subfield>
    <subfield code="o">512.7 MES 	</subfield>
    <subfield code="p">002-010740</subfield>
    <subfield code="r">2015-12-24</subfield>
    <subfield code="w">2015-12-24</subfield>
    <subfield code="y">BK</subfield>
  </datafield>
  <datafield tag="952" ind1=" " ind2=" ">
    <subfield code="0">0</subfield>
    <subfield code="1">0</subfield>
    <subfield code="2">udc</subfield>
    <subfield code="4">0</subfield>
    <subfield code="7">0</subfield>
    <subfield code="8">P&#xCB;KG</subfield>
    <subfield code="a">002</subfield>
    <subfield code="b">002</subfield>
    <subfield code="c">P&#xCB;KG</subfield>
    <subfield code="d">2015-12-24</subfield>
    <subfield code="l">0</subfield>
    <subfield code="o">512.7 MES</subfield>
    <subfield code="p">002-010741</subfield>
    <subfield code="r">2015-12-24</subfield>
    <subfield code="w">2015-12-24</subfield>
    <subfield code="y">BK</subfield>
  </datafield>
  <datafield tag="952" ind1=" " ind2=" ">
    <subfield code="0">0</subfield>
    <subfield code="1">0</subfield>
    <subfield code="2">udc</subfield>
    <subfield code="4">0</subfield>
    <subfield code="7">0</subfield>
    <subfield code="8">P&#xCB;KG</subfield>
    <subfield code="a">002</subfield>
    <subfield code="b">002</subfield>
    <subfield code="c">P&#xCB;KG</subfield>
    <subfield code="d">2015-12-24</subfield>
    <subfield code="l">0</subfield>
    <subfield code="o">512.7 MES</subfield>
    <subfield code="p">002-010742</subfield>
    <subfield code="r">2015-12-24</subfield>
    <subfield code="w">2015-12-24</subfield>
    <subfield code="y">BK</subfield>
  </datafield>
  <datafield tag="952" ind1=" " ind2=" ">
    <subfield code="0">0</subfield>
    <subfield code="1">0</subfield>
    <subfield code="2">udc</subfield>
    <subfield code="4">0</subfield>
    <subfield code="7">0</subfield>
    <subfield code="8">P&#xCB;KG</subfield>
    <subfield code="a">002</subfield>
    <subfield code="b">002</subfield>
    <subfield code="c">P&#xCB;KG</subfield>
    <subfield code="d">2015-12-24</subfield>
    <subfield code="l">0</subfield>
    <subfield code="o">512.7 MES</subfield>
    <subfield code="p">002-010743</subfield>
    <subfield code="r">2015-12-24</subfield>
    <subfield code="w">2015-12-24</subfield>
    <subfield code="y">BK</subfield>
  </datafield>
  <datafield tag="952" ind1=" " ind2=" ">
    <subfield code="0">0</subfield>
    <subfield code="1">0</subfield>
    <subfield code="2">udc</subfield>
    <subfield code="4">0</subfield>
    <subfield code="7">0</subfield>
    <subfield code="8">P&#xCB;KG</subfield>
    <subfield code="a">002</subfield>
    <subfield code="b">002</subfield>
    <subfield code="c">P&#xCB;KG</subfield>
    <subfield code="d">2015-12-24</subfield>
    <subfield code="l">0</subfield>
    <subfield code="o">512.7 MES</subfield>
    <subfield code="p">002-010744</subfield>
    <subfield code="r">2015-12-24</subfield>
    <subfield code="w">2015-12-24</subfield>
    <subfield code="y">BK</subfield>
  </datafield>
  <datafield tag="952" ind1=" " ind2=" ">
    <subfield code="0">0</subfield>
    <subfield code="1">0</subfield>
    <subfield code="2">udc</subfield>
    <subfield code="4">0</subfield>
    <subfield code="7">0</subfield>
    <subfield code="8">P&#xCB;KG</subfield>
    <subfield code="a">002</subfield>
    <subfield code="b">002</subfield>
    <subfield code="c">P&#xCB;KG</subfield>
    <subfield code="d">2015-12-24</subfield>
    <subfield code="l">0</subfield>
    <subfield code="o">512.7 MES</subfield>
    <subfield code="p">002-010745</subfield>
    <subfield code="r">2015-12-24</subfield>
    <subfield code="w">2015-12-24</subfield>
    <subfield code="y">BK</subfield>
  </datafield>
  <datafield tag="952" ind1=" " ind2=" ">
    <subfield code="0">0</subfield>
    <subfield code="1">0</subfield>
    <subfield code="2">udc</subfield>
    <subfield code="4">0</subfield>
    <subfield code="7">0</subfield>
    <subfield code="8">P&#xCB;KG</subfield>
    <subfield code="a">002</subfield>
    <subfield code="b">002</subfield>
    <subfield code="c">P&#xCB;KG</subfield>
    <subfield code="d">2015-12-24</subfield>
    <subfield code="l">0</subfield>
    <subfield code="o">512.7 MES</subfield>
    <subfield code="p">002-010746</subfield>
    <subfield code="r">2015-12-24</subfield>
    <subfield code="w">2015-12-24</subfield>
    <subfield code="y">BK</subfield>
  </datafield>
  <datafield tag="952" ind1=" " ind2=" ">
    <subfield code="0">0</subfield>
    <subfield code="1">0</subfield>
    <subfield code="2">udc</subfield>
    <subfield code="4">0</subfield>
    <subfield code="7">0</subfield>
    <subfield code="8">P&#xCB;KG</subfield>
    <subfield code="a">002</subfield>
    <subfield code="b">002</subfield>
    <subfield code="c">P&#xCB;KG</subfield>
    <subfield code="d">2015-12-24</subfield>
    <subfield code="l">0</subfield>
    <subfield code="o">512.7 MES</subfield>
    <subfield code="p">002-010747</subfield>
    <subfield code="r">2015-12-24</subfield>
    <subfield code="w">2015-12-24</subfield>
    <subfield code="y">BK</subfield>
  </datafield>
  <datafield tag="952" ind1=" " ind2=" ">
    <subfield code="0">0</subfield>
    <subfield code="1">0</subfield>
    <subfield code="2">udc</subfield>
    <subfield code="4">0</subfield>
    <subfield code="7">0</subfield>
    <subfield code="8">P&#xCB;KG</subfield>
    <subfield code="a">002</subfield>
    <subfield code="b">002</subfield>
    <subfield code="c">P&#xCB;KG</subfield>
    <subfield code="d">2015-12-24</subfield>
    <subfield code="l">0</subfield>
    <subfield code="o">512.7 MES</subfield>
    <subfield code="p">002-010748</subfield>
    <subfield code="r">2015-12-24</subfield>
    <subfield code="w">2015-12-24</subfield>
    <subfield code="y">BK</subfield>
  </datafield>
  <datafield tag="952" ind1=" " ind2=" ">
    <subfield code="0">0</subfield>
    <subfield code="1">0</subfield>
    <subfield code="2">udc</subfield>
    <subfield code="4">0</subfield>
    <subfield code="7">0</subfield>
    <subfield code="8">P&#xCB;KG</subfield>
    <subfield code="a">002</subfield>
    <subfield code="b">002</subfield>
    <subfield code="c">P&#xCB;KG</subfield>
    <subfield code="d">2015-12-24</subfield>
    <subfield code="l">0</subfield>
    <subfield code="o">512.7 MES</subfield>
    <subfield code="p">002-010749</subfield>
    <subfield code="r">2015-12-24</subfield>
    <subfield code="w">2015-12-24</subfield>
    <subfield code="y">BK</subfield>
  </datafield>
  <datafield tag="952" ind1=" " ind2=" ">
    <subfield code="0">0</subfield>
    <subfield code="1">0</subfield>
    <subfield code="2">udc</subfield>
    <subfield code="4">0</subfield>
    <subfield code="7">0</subfield>
    <subfield code="8">P&#xCB;KG</subfield>
    <subfield code="a">002</subfield>
    <subfield code="b">002</subfield>
    <subfield code="c">P&#xCB;KG</subfield>
    <subfield code="d">2015-12-24</subfield>
    <subfield code="l">0</subfield>
    <subfield code="o">512.7 MES</subfield>
    <subfield code="p">002-010750</subfield>
    <subfield code="r">2015-12-24</subfield>
    <subfield code="w">2015-12-24</subfield>
    <subfield code="y">BK</subfield>
  </datafield>
  <datafield tag="952" ind1=" " ind2=" ">
    <subfield code="0">0</subfield>
    <subfield code="1">0</subfield>
    <subfield code="2">udc</subfield>
    <subfield code="4">0</subfield>
    <subfield code="7">0</subfield>
    <subfield code="8">P&#xCB;KG</subfield>
    <subfield code="a">002</subfield>
    <subfield code="b">002</subfield>
    <subfield code="c">P&#xCB;KG</subfield>
    <subfield code="d">2015-12-24</subfield>
    <subfield code="l">0</subfield>
    <subfield code="o">512.7 MES</subfield>
    <subfield code="p">002-010751</subfield>
    <subfield code="r">2015-12-24</subfield>
    <subfield code="w">2015-12-24</subfield>
    <subfield code="y">BK</subfield>
  </datafield>
  <datafield tag="952" ind1=" " ind2=" ">
    <subfield code="0">0</subfield>
    <subfield code="1">0</subfield>
    <subfield code="2">udc</subfield>
    <subfield code="4">0</subfield>
    <subfield code="7">0</subfield>
    <subfield code="8">P&#xCB;KG</subfield>
    <subfield code="a">002</subfield>
    <subfield code="b">002</subfield>
    <subfield code="c">P&#xCB;KG</subfield>
    <subfield code="d">2015-12-24</subfield>
    <subfield code="l">0</subfield>
    <subfield code="o">512.7 MES</subfield>
    <subfield code="p">002-010752</subfield>
    <subfield code="r">2015-12-24</subfield>
    <subfield code="w">2015-12-24</subfield>
    <subfield code="y">BK</subfield>
  </datafield>
  <datafield tag="952" ind1=" " ind2=" ">
    <subfield code="0">0</subfield>
    <subfield code="1">0</subfield>
    <subfield code="2">udc</subfield>
    <subfield code="4">0</subfield>
    <subfield code="7">0</subfield>
    <subfield code="8">P&#xCB;KG</subfield>
    <subfield code="a">002</subfield>
    <subfield code="b">002</subfield>
    <subfield code="c">P&#xCB;KG</subfield>
    <subfield code="d">2015-12-24</subfield>
    <subfield code="l">0</subfield>
    <subfield code="o">512.7 MES</subfield>
    <subfield code="p">002-010753</subfield>
    <subfield code="r">2015-12-24</subfield>
    <subfield code="w">2015-12-24</subfield>
    <subfield code="y">BK</subfield>
  </datafield>
  <datafield tag="952" ind1=" " ind2=" ">
    <subfield code="0">0</subfield>
    <subfield code="1">0</subfield>
    <subfield code="2">udc</subfield>
    <subfield code="4">0</subfield>
    <subfield code="7">0</subfield>
    <subfield code="8">P&#xCB;KG</subfield>
    <subfield code="a">002</subfield>
    <subfield code="b">002</subfield>
    <subfield code="c">P&#xCB;KG</subfield>
    <subfield code="d">2015-12-24</subfield>
    <subfield code="l">0</subfield>
    <subfield code="o">512.7 MES</subfield>
    <subfield code="p">002-010754</subfield>
    <subfield code="r">2015-12-24</subfield>
    <subfield code="w">2015-12-24</subfield>
    <subfield code="y">BK</subfield>
  </datafield>
  <datafield tag="952" ind1=" " ind2=" ">
    <subfield code="0">0</subfield>
    <subfield code="1">0</subfield>
    <subfield code="2">udc</subfield>
    <subfield code="4">0</subfield>
    <subfield code="7">0</subfield>
    <subfield code="8">P&#xCB;KG</subfield>
    <subfield code="a">002</subfield>
    <subfield code="b">002</subfield>
    <subfield code="c">P&#xCB;KG</subfield>
    <subfield code="d">2015-12-24</subfield>
    <subfield code="l">0</subfield>
    <subfield code="o">512.7 MES</subfield>
    <subfield code="p">002-010755</subfield>
    <subfield code="r">2015-12-24</subfield>
    <subfield code="w">2015-12-24</subfield>
    <subfield code="y">BK</subfield>
  </datafield>
  <datafield tag="952" ind1=" " ind2=" ">
    <subfield code="0">0</subfield>
    <subfield code="1">0</subfield>
    <subfield code="2">udc</subfield>
    <subfield code="4">0</subfield>
    <subfield code="7">0</subfield>
    <subfield code="8">P&#xCB;KG</subfield>
    <subfield code="a">002</subfield>
    <subfield code="b">002</subfield>
    <subfield code="c">P&#xCB;KG</subfield>
    <subfield code="d">2015-12-24</subfield>
    <subfield code="l">0</subfield>
    <subfield code="o">512.7 MES</subfield>
    <subfield code="p">002-010756</subfield>
    <subfield code="r">2015-12-24</subfield>
    <subfield code="w">2015-12-24</subfield>
    <subfield code="y">BK</subfield>
  </datafield>
  <datafield tag="952" ind1=" " ind2=" ">
    <subfield code="0">0</subfield>
    <subfield code="1">0</subfield>
    <subfield code="2">udc</subfield>
    <subfield code="4">0</subfield>
    <subfield code="7">0</subfield>
    <subfield code="8">P&#xCB;KG</subfield>
    <subfield code="a">002</subfield>
    <subfield code="b">002</subfield>
    <subfield code="c">P&#xCB;KG</subfield>
    <subfield code="d">2015-12-24</subfield>
    <subfield code="l">0</subfield>
    <subfield code="o">512.7 MES</subfield>
    <subfield code="p">002-010757</subfield>
    <subfield code="r">2015-12-24</subfield>
    <subfield code="w">2015-12-24</subfield>
    <subfield code="y">BK</subfield>
  </datafield>
  <datafield tag="952" ind1=" " ind2=" ">
    <subfield code="0">0</subfield>
    <subfield code="1">0</subfield>
    <subfield code="2">udc</subfield>
    <subfield code="4">0</subfield>
    <subfield code="7">0</subfield>
    <subfield code="8">P&#xCB;KG</subfield>
    <subfield code="a">002</subfield>
    <subfield code="b">002</subfield>
    <subfield code="c">P&#xCB;KG</subfield>
    <subfield code="d">2015-12-24</subfield>
    <subfield code="l">0</subfield>
    <subfield code="o">512.7 MES</subfield>
    <subfield code="p">002-010758</subfield>
    <subfield code="r">2015-12-24</subfield>
    <subfield code="w">2015-12-24</subfield>
    <subfield code="y">BK</subfield>
  </datafield>
  <datafield tag="952" ind1=" " ind2=" ">
    <subfield code="0">0</subfield>
    <subfield code="1">0</subfield>
    <subfield code="2">udc</subfield>
    <subfield code="4">0</subfield>
    <subfield code="7">0</subfield>
    <subfield code="8">P&#xCB;KG</subfield>
    <subfield code="a">002</subfield>
    <subfield code="b">002</subfield>
    <subfield code="c">P&#xCB;KG</subfield>
    <subfield code="d">2015-12-24</subfield>
    <subfield code="l">0</subfield>
    <subfield code="o">512.7 MES</subfield>
    <subfield code="p">002-010759</subfield>
    <subfield code="r">2015-12-24</subfield>
    <subfield code="w">2015-12-24</subfield>
    <subfield code="y">BK</subfield>
  </datafield>
  <datafield tag="952" ind1=" " ind2=" ">
    <subfield code="0">0</subfield>
    <subfield code="1">0</subfield>
    <subfield code="2">udc</subfield>
    <subfield code="4">0</subfield>
    <subfield code="7">0</subfield>
    <subfield code="8">P&#xCB;KG</subfield>
    <subfield code="a">002</subfield>
    <subfield code="b">002</subfield>
    <subfield code="c">P&#xCB;KG</subfield>
    <subfield code="d">2015-12-24</subfield>
    <subfield code="l">0</subfield>
    <subfield code="o">512.7 MES</subfield>
    <subfield code="p">002-010760</subfield>
    <subfield code="r">2015-12-24</subfield>
    <subfield code="w">2015-12-24</subfield>
    <subfield code="y">BK</subfield>
  </datafield>
  <datafield tag="952" ind1=" " ind2=" ">
    <subfield code="0">0</subfield>
    <subfield code="1">0</subfield>
    <subfield code="2">udc</subfield>
    <subfield code="4">0</subfield>
    <subfield code="7">0</subfield>
    <subfield code="8">P&#xCB;KG</subfield>
    <subfield code="a">002</subfield>
    <subfield code="b">002</subfield>
    <subfield code="c">P&#xCB;KG</subfield>
    <subfield code="d">2015-12-24</subfield>
    <subfield code="l">0</subfield>
    <subfield code="o">512.7 MES</subfield>
    <subfield code="p">002-010761</subfield>
    <subfield code="r">2015-12-24</subfield>
    <subfield code="w">2015-12-24</subfield>
    <subfield code="y">BK</subfield>
  </datafield>
  <datafield tag="952" ind1=" " ind2=" ">
    <subfield code="0">0</subfield>
    <subfield code="1">0</subfield>
    <subfield code="2">udc</subfield>
    <subfield code="4">0</subfield>
    <subfield code="7">0</subfield>
    <subfield code="8">P&#xCB;KG</subfield>
    <subfield code="a">002</subfield>
    <subfield code="b">002</subfield>
    <subfield code="c">P&#xCB;KG</subfield>
    <subfield code="d">2015-12-24</subfield>
    <subfield code="l">0</subfield>
    <subfield code="o">512.7 MES</subfield>
    <subfield code="p">002-010762</subfield>
    <subfield code="r">2015-12-24</subfield>
    <subfield code="w">2015-12-24</subfield>
    <subfield code="y">BK</subfield>
  </datafield>
  <datafield tag="952" ind1=" " ind2=" ">
    <subfield code="0">0</subfield>
    <subfield code="1">0</subfield>
    <subfield code="2">udc</subfield>
    <subfield code="4">0</subfield>
    <subfield code="7">0</subfield>
    <subfield code="8">P&#xCB;KG</subfield>
    <subfield code="a">002</subfield>
    <subfield code="b">002</subfield>
    <subfield code="c">P&#xCB;KG</subfield>
    <subfield code="d">2015-12-24</subfield>
    <subfield code="l">0</subfield>
    <subfield code="o">512.7 MES</subfield>
    <subfield code="p">002-010763</subfield>
    <subfield code="r">2015-12-24</subfield>
    <subfield code="w">2015-12-24</subfield>
    <subfield code="y">BK</subfield>
  </datafield>
  <datafield tag="952" ind1=" " ind2=" ">
    <subfield code="0">0</subfield>
    <subfield code="1">0</subfield>
    <subfield code="2">udc</subfield>
    <subfield code="4">0</subfield>
    <subfield code="7">0</subfield>
    <subfield code="8">P&#xCB;KG</subfield>
    <subfield code="a">002</subfield>
    <subfield code="b">002</subfield>
    <subfield code="c">P&#xCB;KG</subfield>
    <subfield code="d">2015-12-24</subfield>
    <subfield code="l">0</subfield>
    <subfield code="o">512.7 MES</subfield>
    <subfield code="p">002-010764</subfield>
    <subfield code="r">2015-12-24</subfield>
    <subfield code="w">2015-12-24</subfield>
    <subfield code="y">BK</subfield>
  </datafield>
  <datafield tag="952" ind1=" " ind2=" ">
    <subfield code="0">0</subfield>
    <subfield code="1">0</subfield>
    <subfield code="2">udc</subfield>
    <subfield code="4">0</subfield>
    <subfield code="7">0</subfield>
    <subfield code="8">P&#xCB;KG</subfield>
    <subfield code="a">002</subfield>
    <subfield code="b">002</subfield>
    <subfield code="c">P&#xCB;KG</subfield>
    <subfield code="d">2015-12-24</subfield>
    <subfield code="l">0</subfield>
    <subfield code="o">512.7 MES</subfield>
    <subfield code="p">002-010765</subfield>
    <subfield code="r">2015-12-24</subfield>
    <subfield code="w">2015-12-24</subfield>
    <subfield code="y">BK</subfield>
  </datafield>
  <datafield tag="952" ind1=" " ind2=" ">
    <subfield code="0">0</subfield>
    <subfield code="1">0</subfield>
    <subfield code="2">udc</subfield>
    <subfield code="4">0</subfield>
    <subfield code="7">0</subfield>
    <subfield code="8">P&#xCB;KG</subfield>
    <subfield code="a">002</subfield>
    <subfield code="b">002</subfield>
    <subfield code="c">P&#xCB;KG</subfield>
    <subfield code="d">2015-12-24</subfield>
    <subfield code="l">0</subfield>
    <subfield code="o">512.7 MES</subfield>
    <subfield code="p">002-010766</subfield>
    <subfield code="r">2015-12-24</subfield>
    <subfield code="w">2015-12-24</subfield>
    <subfield code="y">BK</subfield>
  </datafield>
  <datafield tag="952" ind1=" " ind2=" ">
    <subfield code="0">0</subfield>
    <subfield code="1">0</subfield>
    <subfield code="2">udc</subfield>
    <subfield code="4">0</subfield>
    <subfield code="7">0</subfield>
    <subfield code="8">P&#xCB;KG</subfield>
    <subfield code="a">002</subfield>
    <subfield code="b">002</subfield>
    <subfield code="c">P&#xCB;KG</subfield>
    <subfield code="d">2015-12-24</subfield>
    <subfield code="l">0</subfield>
    <subfield code="o">512.7 MES</subfield>
    <subfield code="p">002-010767</subfield>
    <subfield code="r">2015-12-24</subfield>
    <subfield code="w">2015-12-24</subfield>
    <subfield code="y">BK</subfield>
  </datafield>
  <datafield tag="952" ind1=" " ind2=" ">
    <subfield code="0">0</subfield>
    <subfield code="1">0</subfield>
    <subfield code="2">udc</subfield>
    <subfield code="4">0</subfield>
    <subfield code="7">0</subfield>
    <subfield code="8">P&#xCB;KG</subfield>
    <subfield code="a">002</subfield>
    <subfield code="b">002</subfield>
    <subfield code="c">P&#xCB;KG</subfield>
    <subfield code="d">2015-12-24</subfield>
    <subfield code="l">0</subfield>
    <subfield code="o">512.7 MES</subfield>
    <subfield code="p">002-010768</subfield>
    <subfield code="r">2015-12-24</subfield>
    <subfield code="w">2015-12-24</subfield>
    <subfield code="y">BK</subfield>
  </datafield>
  <datafield tag="952" ind1=" " ind2=" ">
    <subfield code="0">0</subfield>
    <subfield code="1">0</subfield>
    <subfield code="2">udc</subfield>
    <subfield code="4">0</subfield>
    <subfield code="7">0</subfield>
    <subfield code="8">P&#xCB;KG</subfield>
    <subfield code="a">002</subfield>
    <subfield code="b">002</subfield>
    <subfield code="c">P&#xCB;KG</subfield>
    <subfield code="d">2015-12-24</subfield>
    <subfield code="l">0</subfield>
    <subfield code="o">512.7 MES</subfield>
    <subfield code="p">002-010769</subfield>
    <subfield code="r">2015-12-24</subfield>
    <subfield code="w">2015-12-24</subfield>
    <subfield code="y">BK</subfield>
  </datafield>
  <datafield tag="952" ind1=" " ind2=" ">
    <subfield code="0">0</subfield>
    <subfield code="1">0</subfield>
    <subfield code="2">udc</subfield>
    <subfield code="4">0</subfield>
    <subfield code="7">0</subfield>
    <subfield code="8">P&#xCB;KG</subfield>
    <subfield code="a">002</subfield>
    <subfield code="b">002</subfield>
    <subfield code="c">P&#xCB;KG</subfield>
    <subfield code="d">2015-12-24</subfield>
    <subfield code="l">0</subfield>
    <subfield code="o">512.7 MES</subfield>
    <subfield code="p">002-010770</subfield>
    <subfield code="r">2015-12-24</subfield>
    <subfield code="w">2015-12-24</subfield>
    <subfield code="y">BK</subfield>
  </datafield>
  <datafield tag="952" ind1=" " ind2=" ">
    <subfield code="0">0</subfield>
    <subfield code="1">0</subfield>
    <subfield code="2">udc</subfield>
    <subfield code="4">0</subfield>
    <subfield code="7">0</subfield>
    <subfield code="8">P&#xCB;KG</subfield>
    <subfield code="a">002</subfield>
    <subfield code="b">002</subfield>
    <subfield code="c">P&#xCB;KG</subfield>
    <subfield code="d">2015-12-24</subfield>
    <subfield code="l">0</subfield>
    <subfield code="o">512.7 MES</subfield>
    <subfield code="p">002-010771</subfield>
    <subfield code="r">2015-12-24</subfield>
    <subfield code="w">2015-12-24</subfield>
    <subfield code="y">BK</subfield>
  </datafield>
  <datafield tag="952" ind1=" " ind2=" ">
    <subfield code="0">0</subfield>
    <subfield code="1">0</subfield>
    <subfield code="2">udc</subfield>
    <subfield code="4">0</subfield>
    <subfield code="7">0</subfield>
    <subfield code="8">P&#xCB;KG</subfield>
    <subfield code="a">002</subfield>
    <subfield code="b">002</subfield>
    <subfield code="c">P&#xCB;KG</subfield>
    <subfield code="d">2015-12-24</subfield>
    <subfield code="l">0</subfield>
    <subfield code="o">512.7 MES</subfield>
    <subfield code="p">002-010772</subfield>
    <subfield code="r">2015-12-24</subfield>
    <subfield code="w">2015-12-24</subfield>
    <subfield code="y">BK</subfield>
  </datafield>
  <datafield tag="952" ind1=" " ind2=" ">
    <subfield code="0">0</subfield>
    <subfield code="1">0</subfield>
    <subfield code="2">udc</subfield>
    <subfield code="4">0</subfield>
    <subfield code="7">0</subfield>
    <subfield code="8">P&#xCB;KG</subfield>
    <subfield code="a">002</subfield>
    <subfield code="b">002</subfield>
    <subfield code="c">P&#xCB;KG</subfield>
    <subfield code="d">2015-12-24</subfield>
    <subfield code="l">0</subfield>
    <subfield code="o">512.7 MES</subfield>
    <subfield code="p">002-010773</subfield>
    <subfield code="r">2015-12-24</subfield>
    <subfield code="w">2015-12-24</subfield>
    <subfield code="y">BK</subfield>
  </datafield>
  <datafield tag="952" ind1=" " ind2=" ">
    <subfield code="0">0</subfield>
    <subfield code="1">0</subfield>
    <subfield code="2">udc</subfield>
    <subfield code="4">0</subfield>
    <subfield code="7">0</subfield>
    <subfield code="8">P&#xCB;KG</subfield>
    <subfield code="a">002</subfield>
    <subfield code="b">002</subfield>
    <subfield code="c">P&#xCB;KG</subfield>
    <subfield code="d">2015-12-24</subfield>
    <subfield code="l">0</subfield>
    <subfield code="o">512.7 MES</subfield>
    <subfield code="p">002-010774</subfield>
    <subfield code="r">2015-12-24</subfield>
    <subfield code="w">2015-12-24</subfield>
    <subfield code="y">BK</subfield>
  </datafield>
  <datafield tag="952" ind1=" " ind2=" ">
    <subfield code="0">0</subfield>
    <subfield code="1">0</subfield>
    <subfield code="2">udc</subfield>
    <subfield code="4">0</subfield>
    <subfield code="7">0</subfield>
    <subfield code="8">P&#xCB;KG</subfield>
    <subfield code="a">002</subfield>
    <subfield code="b">002</subfield>
    <subfield code="c">P&#xCB;KG</subfield>
    <subfield code="d">2015-12-24</subfield>
    <subfield code="l">0</subfield>
    <subfield code="o">512.7 MES</subfield>
    <subfield code="p">002-010775</subfield>
    <subfield code="r">2015-12-24</subfield>
    <subfield code="w">2015-12-24</subfield>
    <subfield code="y">BK</subfield>
  </datafield>
  <datafield tag="952" ind1=" " ind2=" ">
    <subfield code="0">0</subfield>
    <subfield code="1">0</subfield>
    <subfield code="2">udc</subfield>
    <subfield code="4">0</subfield>
    <subfield code="7">0</subfield>
    <subfield code="8">P&#xCB;KG</subfield>
    <subfield code="a">002</subfield>
    <subfield code="b">002</subfield>
    <subfield code="c">P&#xCB;KG</subfield>
    <subfield code="d">2015-12-24</subfield>
    <subfield code="l">0</subfield>
    <subfield code="o">512.7 MES</subfield>
    <subfield code="p">002-010776</subfield>
    <subfield code="r">2015-12-24</subfield>
    <subfield code="w">2015-12-24</subfield>
    <subfield code="y">BK</subfield>
  </datafield>
  <datafield tag="952" ind1=" " ind2=" ">
    <subfield code="0">0</subfield>
    <subfield code="1">0</subfield>
    <subfield code="2">udc</subfield>
    <subfield code="4">0</subfield>
    <subfield code="7">0</subfield>
    <subfield code="8">P&#xCB;KG</subfield>
    <subfield code="a">002</subfield>
    <subfield code="b">002</subfield>
    <subfield code="c">P&#xCB;KG</subfield>
    <subfield code="d">2015-12-24</subfield>
    <subfield code="l">0</subfield>
    <subfield code="o">512.7 MES</subfield>
    <subfield code="p">002-010777</subfield>
    <subfield code="r">2015-12-24</subfield>
    <subfield code="w">2015-12-24</subfield>
    <subfield code="y">BK</subfield>
  </datafield>
  <datafield tag="952" ind1=" " ind2=" ">
    <subfield code="0">0</subfield>
    <subfield code="1">0</subfield>
    <subfield code="2">udc</subfield>
    <subfield code="4">0</subfield>
    <subfield code="7">0</subfield>
    <subfield code="8">P&#xCB;KG</subfield>
    <subfield code="a">002</subfield>
    <subfield code="b">002</subfield>
    <subfield code="c">P&#xCB;KG</subfield>
    <subfield code="d">2015-12-24</subfield>
    <subfield code="l">0</subfield>
    <subfield code="o">512.7 MES</subfield>
    <subfield code="p">002-010778</subfield>
    <subfield code="r">2015-12-24</subfield>
    <subfield code="w">2015-12-24</subfield>
    <subfield code="y">BK</subfield>
  </datafield>
  <datafield tag="952" ind1=" " ind2=" ">
    <subfield code="0">0</subfield>
    <subfield code="1">0</subfield>
    <subfield code="2">udc</subfield>
    <subfield code="4">0</subfield>
    <subfield code="7">0</subfield>
    <subfield code="8">P&#xCB;KG</subfield>
    <subfield code="a">002</subfield>
    <subfield code="b">002</subfield>
    <subfield code="c">P&#xCB;KG</subfield>
    <subfield code="d">2015-12-24</subfield>
    <subfield code="l">0</subfield>
    <subfield code="o">512.7 MES</subfield>
    <subfield code="p">002-010779</subfield>
    <subfield code="r">2015-12-24</subfield>
    <subfield code="w">2015-12-24</subfield>
    <subfield code="y">BK</subfield>
  </datafield>
</record>
